Statistics for 2500 Most Popular Female and Male First Names in the U.S. in 2022

Click here to take the quiz!

General Stats

  • This quiz has been taken 54 times
  • The average score is 462 of 5026

Answer Stats

RankAnswerBorn with this Name in 2022% Correct
671ChrisM404
73%
1474AlexF148
70%
190AlexM1995
70%
536AlexaF574
70%
1090AnnF227
70%
83AnnaF2944
70%
69EliM4664
70%
15JackM8889
70%
26JohnM7930
70%
1OliviaF16573
70%
2162AliF87
67%
299AliM1122
67%
770BenM325
67%
23JacksonM8070
67%
2219JamesF84
67%
4JamesM12028
67%
896JonM258
67%
88JoseM3990
67%
248LiaF1230
67%
1471MariF149
67%
56ChristopherM5535
64%
1822DanM88
64%
1337DaviM139
64%
554EveF546
64%
112JuliaF2531
64%
35JulianM7268
64%
136MaryF2097
64%
658SamM414
64%
45ThomasM6465
64%
1166WillM175
64%
6WilliamM11282
64%
758BriaF376
61%
290BrianM1170
61%
674DaniF429
61%
14DanielM9047
61%
1182EmiF202
61%
1897FredM82
61%
2493GeoM55
61%
142GeorgeM2620
61%
2194LucM66
61%
16MichaelM8829
61%
158OliveF1828
61%
262PaulM1326
61%
84RobertM4051
61%
181AdaF1647
58%
294AndreM1159
58%
1009CarlM219
58%
392ElleF791
58%
1122EmilM187
58%
108EvaF2562
58%
1940IsaF102
58%
1450IsaM124
58%
34LukeM7344
58%
91MariaF2831
58%
1445MayF154
58%
244RachelF1247
58%
1485SteveM122
58%
2395ZachM59
58%
208AnaF1392
55%
61AndrewM5124
55%
329AriM1020
55%
438AriF716
55%
9BenjaminM10842
55%
492BoM612
55%
1509CamM119
55%
50CharlesM5889
55%
425CharliF740
55%
31DavidM7741
55%
1550DonM114
55%
2EmmaF14435
55%
7HenryM11221
55%
156IsabelF1848
55%
2143JanM68
55%
145JasonM2594
55%
367JayM890
55%
30JosephM7771
55%
327LaurenF982
55%
1LiamM20456
55%
247MarkM1420
55%
39MatthewM7025
55%
177SaraF1670
55%
5SophiaF12310
55%
621TaylorM448
55%
217TaylorF1361
55%
2429TomM58
55%
44AnthonyM6554
52%
1390AntonM132
52%
3CharlotteF12891
52%
216EdwardM1736
52%
931EliaF289
52%
25EllaF6243
52%
229EricM1549
52%
357FionaF877
52%
439FrankM704
52%
695HarryM379
52%
1892IsabellF106
52%
502JenniferF624
52%
895JoeM258
52%
92JordanM3878
52%
504JordanF621
52%
715JulieF407
52%
363LauraF869
52%
22LeoM8250
52%
2315LucaF80
52%
28LucaM7803
52%
57NathanM5520
52%
761RayM331
52%
120RoseF2349
52%
1706SamaF122
52%
63SophieF3512
52%
257StevenM1339
52%
213VictorM1762
52%
166ZacharyM2245
52%
17AlexanderM8673
48%
460AlexisM664
48%
361AlexisF869
48%
463AmandaF681
48%
572AnneF520
48%
530AprilF585
48%
1076AshM201
48%
85BellaF2888
48%
1023BillyM215
48%
747CalM342
48%
2305CarolF80
48%
77CarolineF3015
48%
123CharlieF2322
48%
178CharlieM2098
48%
73ChristianM4442
48%
17EmilyF6461
48%
9EvelynF9289
48%
2001FlorF97
48%
36GabrielM7186
48%
543HannaF563
48%
47HannahF4451
48%
6IsabellaF11662
48%
1106JadM192
48%
1757JoshM94
48%
141JuanM2664
48%
1222KarenF196
48%
785LeaF360
48%
933LisaF289
48%
8LucasM10909
48%
1099MarcM195
48%
156MaxM2380
48%
51MayaF4208
48%
8MiaF11018
48%
98NicholasM3623
48%
236NicoM1468
48%
298NoaF1064
48%
1327NoaM141
48%
618NoahF477
48%
2NoahM18621
48%
3OliverM15076
48%
214PeterM1758
48%
106SamanthaF2586
48%
94SarahF2780
48%
13SofiaF7254
48%
718TyM364
48%
24AbigailF6254
45%
206AnnieF1408
45%
23AriaF6368
45%
49ElenaF4274
45%
122ElizaF2328
45%
15ElizabethF6964
45%
21EthanM8271
45%
134EvanM2823
45%
2331EvanF79
45%
32JacobM7603
45%
2350JadeM60
45%
88JadeF2871
45%
790KaiF356
45%
59KaiM5343
45%
52LeahF4169
45%
158LeonM2361
45%
30LilyF5966
45%
2091LouM71
45%
246LouisM1427
45%
48LucyF4411
45%
24MasonM7988
45%
380MichelleF818
45%
1049MikeM209
45%
218PatrickM1703
45%
588ScottM484
45%
71AaronM4496
42%
189AlanM1998
42%
189AlexandraF1544
42%
64AliceF3498
42%
205AmyF1408
42%
155AndreaF1850
42%
62AngelM5065
42%
521AngelF593
42%
2372AntoniM59
42%
897ArianM257
42%
154AshleyF1851
42%
7AvaF11039
42%
1272BrendaF187
42%
269BrookeF1174
42%
1607CaiM108
42%
64CameronM4939
42%
514CameronF602
42%
66ClaireF3365
42%
75CoraF3049
42%
523DrewM564
42%
840DrewF332
42%
1967ElaF99
42%
162GeorgiaF1751
42%
35GraceF5255
42%
260HopeF1194
42%
290JaneF1081
42%
508JessicaF617
42%
60JoshuaM5146
42%
172JuneF1695
42%
452KateF694
42%
559KatieF542
42%
34MadisonF5479
42%
599MarieF496
42%
309NinaF1023
42%
28NoraF6119
42%
219RichardM1673
42%
20SamuelM8342
42%
43VictoriaF4763
42%
38ZoeF4984
42%
586AbbyF508
39%
54AddisonF3945
39%
2151AddisonM67
39%
412AliciaF757
39%
449AndyM686
39%
90ArianaF2840
39%
171BriannaF1697
39%
72BrooklynF3191
39%
476CarolinaF662
39%
18ChloeF6445
39%
739ChristinaF391
39%
474DanielleF667
39%
228DianaF1313
39%
676DonaldM402
39%
1334EricaF175
39%
432ErikM712
39%
726FloraF399
39%
418FrancesF750
39%
80HaileyF2993
39%
245JeremyM1429
39%
135JonahM2731
39%
220JulianaF1355
39%
1052KendallM207
39%
301KendallF1056
39%
182KevinM2060
39%
775KimberF365
39%
210KimberlyF1384
39%
251LenaF1217
39%
534LeonaF577
39%
1010LiliaF256
39%
297LondonF1064
39%
1000LondonM222
39%
199MollyF1474
39%
1385NickM134
39%
21PenelopeF6388
39%
179RuthF1656
39%
1374RyaF167
39%
74RyanM4372
39%
582RyanF513
39%
1547StephanM115
39%
271SydneyF1165
39%
729TommyM354
39%
1625TylerF130
39%
164TylerM2252
39%
97AdamM3625
36%
2499AdriaF71
36%
542AmberF566
36%
4AmeliaF12333
36%
1563AnnabelF135
36%
177AntonioM2128
36%
109AugustM3403
36%
862AugustF319
36%
111AustinM3351
36%
1326AustinF176
36%
976BarbaraF271
36%
211BrandonM1763
36%
1507CooperF143
36%
53CooperM5609
36%
2374DaveM59
36%
163DeanM2255
36%
2262DianeF82
36%
5ElijahM11979
36%
1021EllenF251
36%
33EllieF5761
36%
994ElsaF262
36%
685ErinF425
36%
191FaithF1535
36%
1168HarrisM174
36%
127HarrisonM2912
36%
421HelenF747
36%
473HelenaF668
36%
459HollyF688
36%
1217JaydeF197
36%
635JennaF461
36%
774JimmyM324
36%
79JonathanM4175
36%
166KatherineF1727
36%
198KylieF1487
36%
713LeonardM368
36%
489LewisM616
36%
578LinaF514
36%
126LuciaF2202
36%
237MarcusM1464
36%
366MarioM897
36%
305MartinM1096
36%
377MelissaF822
36%
55NatalieF3932
36%
801PaulaF349
36%
2142RomaF89
36%
559RonaldM529
36%
62RubyF3593
36%
397SeanM797
36%
13SebastianM9341
36%
239SelenaF1270
36%
568ShawnM518
36%
481StephanieF653
36%
203TimothyM1827
36%
949VanM239
36%
405VeronicaF772
36%
63AdrianM5018
33%
2354AniF78
33%
1721ArieF120
33%
2103ArieM70
33%
1213CarloM162
33%
147CarlosM2580
33%
1127ChristineF216
33%
143ColeM2611
33%
41DylanM6698
33%
576DylanF517
33%
829EddieM296
33%
43EliasM6684
33%
176FinnM2136
33%
622FlorenceF473
33%
462FrancisM660
33%
267GiaF1179
33%
72IanM4473
33%
2134IndiF89
33%
407JakeM784
33%
622JamieM447
33%
734JamieF394
33%
273JaxM1261
33%
46JaydenM6462
33%
1630JaydenF129
33%
452JeffreyM677
33%
284JorgeM1213
33%
119JosieF2352
33%
180JustinM2067
33%
279KaylaF1128
33%
75LeonardoM4347
33%
575LilianF518
33%
117LukaM3288
33%
10LunaF8922
33%
940MaddieF287
33%
510MaeF612
33%
1177MaximM173
33%
729MeganF398
33%
120MiloM3087
33%
124PeytonF2313
33%
535PeytonM555
33%
494PhilipM611
33%
296RebeccaF1065
33%
1128RenM186
33%
2211RenF85
33%
225RileyM1589
33%
39RileyF4886
33%
605RosaF489
33%
1563SammyM113
33%
1085SandraF230
33%
640SashaF459
33%
386SerenaF809
33%
242SimonM1444
33%
40StellaF4830
33%
359StephenM911
33%
153SummerF1862
33%
1171SusanF206
33%
699TonyM377
33%
1360VinceM137
33%
123VincentM2960
33%
20VioletF6434
33%
1721XaviM98
33%
100XavierM3580
33%
1323ZackM142
33%
201ZaraF1432
33%
29AidenM7799
30%
410AlexandriaF766
30%
101AllisonF2699
30%
323AnnabelleF990
30%
67AudreyF3329
30%
221AveryM1653
30%
26AveryF6230
30%
977BelleF271
30%
228BlakeM1573
30%
200BlakeF1441
30%
1039BobbyM211
30%
848BrittanyF329
30%
1251CassieF191
30%
328CatherineF976
30%
110ClaraF2541
30%
118ConnorM3199
30%
125DaisyF2307
30%
258DakotaF1204
30%
349DakotaM933
30%
255DanielaF1210
30%
449DaniellaF696
30%
1986DeboraF98
30%
44EmiliaF4664
30%
387FrancescaF808
30%
474FrederickM645
30%
921GianM249
30%
496GregoryM607
30%
36IslaF5255
30%
1802IvaF113
30%
159IvanM2354
30%
1928JanetF103
30%
1470JasminF149
30%
2380JaviM59
30%
1390JennyF164
30%
796JessieF353
30%
1144JessieM181
30%
1420JoanF158
30%
1081JoanM201
30%
894JoeyM260
30%
1421JoeyF158
30%
1110JordyM191
30%
1436JordynM126
30%
235JordynF1287
30%
467JoyF677
30%
1715JudyF121
30%
1643KariF128
30%
805KellyF346
30%
1478KellyM122
30%
422LanaF747
30%
697LeeM377
30%
1021LevM216
30%
12LeviM9786
30%
1916LexM81
30%
50LillianF4226
30%
233LillyF1295
30%
638LouiseF459
30%
102MadelineF2686
30%
60MadelynF3709
30%
295MaggieF1068
30%
128MargaretF2180
30%
1148MarianF211
30%
1101MelaniF225
30%
130MelanieF2160
30%
127MillieF2182
30%
483MiraF652
30%
745MonicaF386
30%
538MorganM549
30%
213MorganF1375
30%
139NathanielM2679
30%
1762NellF117
30%
630NolaF466
30%
18OwenM8546
30%
488ParisF642
30%
2306ParisM62
30%
1113PatriciaF221
30%
113PiperF2477
30%
73QuinnF3091
30%
443QuinnM696
30%
348ReginaF909
30%
150RiverF1912
30%
105RiverM3467
30%
498RobertoM607
30%
656RomeM416
30%
68SadieF3278
30%
837SolF334
30%
1187SolM169
30%
99TheoM3614
30%
1845TheodorM87
30%
1165TobyM175
30%
2272TobyF82
30%
2042TreM74
30%
311VanessaF1021
30%
103VivianF2661
30%
269WalterM1273
30%
37WillowF5025
30%
45ZoeyF4488
30%
69AaliyahF3270
27%
1110AdelaF221
27%
472AllieF669
27%
1609AllyF130
27%
305AngelinaF1044
27%
175AriannaF1686
27%
1370AubreyM135
27%
81AubreyF2982
27%
1508BaileyM119
27%
182BaileyF1643
27%
555BeatriceF545
27%
1018BeckM216
27%
1729BelindaF119
27%
949BillieF283
27%
1019BrettM216
27%
563BruceM524
27%
2182CaitlinF86
27%
187CallieF1572
27%
1172CaraF205
27%
776CarlyF364
27%
456CarmenF690
27%
479CassidyF654
27%
1425ChadM127
27%
136ChaseM2693
27%
692ChelseaF421
27%
302CodyM1106
27%
1768CoralF116
27%
2437CourtneyM57
27%
1712CourtneyF121
27%
653DennisM417
27%
124DiegoM2958
27%
102DominicM3553
27%
1949DonnaF101
27%
300ElianM1119
27%
139EstherF2060
27%
1178EverM172
27%
1699EverF122
27%
192FelixM1958
27%
408FranklinM783
27%
2012FreddieM75
27%
89GabriellaF2858
27%
2032GeneM74
27%
878GeorginaF315
27%
257GracieF1208
27%
11HarperF8191
27%
1348HarperM138
27%
829HayleyF336
27%
974IndiaF272
27%
42IsaacM6691
27%
137IsabelleF2092
27%
2424JackieF75
27%
1229JaiM159
27%
2136JaniceF89
27%
178JasmineF1664
27%
93JeremiahM3842
27%
2361JoannF78
27%
314JocelynF1008
27%
212JoelM1763
27%
2496KalM55
27%
702KarinaF416
27%
393KyleM804
27%
2080LandoM72
27%
889LarryM263
27%
551LawrenceM538
27%
439LexiF714
27%
221LilaF1346
27%
807LindaF346
27%
1241LizF193
27%
33LoganM7575
27%
372LoganF845
27%
262LolaF1189
27%
1394LoriF164
27%
825LouisaF337
27%
125LuisM2933
27%
235LukasM1468
27%
605MacM464
27%
372MarcoM864
27%
243MarianaF1250
27%
566MaximilianM521
27%
1123MeghanF218
27%
19MilaF6445
27%
55MilesM5540
27%
1623NateM107
27%
600NiaF496
27%
322NicoleF992
27%
2423OmM58
27%
201OscarM1879
27%
1169RaeF206
27%
343RaymondM962
27%
68RomanM4706
27%
577RoyM506
27%
391SageM814
27%
144SageF1997
27%
433ScarletF720
27%
769WayneM326
27%
1250WendyF192
27%
798WesM314
27%
689WilsonM386
27%
2409WyattF76
27%
38WyattM7144
27%
199XanderM1892
27%
283AdelaideF1116
24%
329AdrianaF975
24%
2003AjM75
24%
614AlbertM451
24%
826AlexiaF336
24%
562AllenM524
24%
1430AnasM126
24%
164AnastasiaF1747
24%
226AngelaF1316
24%
571ArielM515
24%
237ArielF1279
24%
140ArthurM2674
24%
1851AsherF109
24%
19AsherM8350
24%
71AutumnF3214
24%
89BeauM3939
24%
666BethanyF441
24%
529BonnieF586
24%
344BradleyM950
24%
281BradyM1215
24%
791BridgetF355
24%
291BryanM1167
24%
292CadeM1166
24%
52CalebM5739
24%
313CamillaF1009
24%
236CamilleF1283
24%
923CarlaF291
24%
1369CarsonF168
24%
110CarsonM3390
24%
47CarterM6326
24%
550CarterF549
24%
650CassandraF452
24%
1020DanaF251
24%
611DannyM454
24%
631DavisM437
24%
918DeborahF296
24%
400DemiF778
24%
298DerekM1147
24%
487DorothyF642
24%
340EduardoM976
24%
16EleanorF6881
24%
41ElianaF4780
24%
259EliseF1200
24%
275EvieF1141
24%
1324FreddyM141
24%
129FreyaF2167
24%
499GabrielleF628
24%
961GaryM234
24%
22GiannaF6385
24%
2087GlenM71
24%
405GradyM785
24%
220GrantM1663
24%
850GwenF328
24%
1124HarrietF217
24%
1435HavenM126
24%
285HavenF1109
24%
343HaydenF928
24%
160HaydenM2292
24%
1795HazeM90
24%
27HazelF6125
24%
667IreneF440
24%
42IvyF4772
24%
320JadenM1047
24%
239JavierM1458
24%
753JerryM336
24%
194JesseM1952
24%
165JesusM2247
24%
400JohnnyM794
24%
558JonasM533
24%
70JosephineF3236
24%
51JosiahM5763
24%
326JuliannaF983
24%
293JulietF1072
24%
163JulietteF1748
24%
1427KarlM127
24%
900KatelynF307
24%
264KennethM1297
24%
222KingM1634
24%
695LaraF420
24%
706LaurelF415
24%
728LivF398
24%
2428LorenF75
24%
2356LorenM60
24%
420MaiaF748
24%
264MaliaF1182
24%
532MalloryF581
24%
11MateoM10321
24%
415MatildaF756
24%
1629MickeyM106
24%
185MiguelM2028
24%
836NatashaF334
24%
1430NellyF157
24%
756NoeM333
24%
65NolanM4910
24%
53PaisleyF4026
24%
793PaulinaF355
24%
289PaytonF1094
24%
1321PaytonM142
24%
732PennyF396
24%
261PhoenixM1329
24%
317PhoenixF1006
24%
347PrinceM938
24%
1404QueenF162
24%
775RamonM324
24%
1314ReaganM143
24%
147ReaganF1982
24%
2251RobbieM64
24%
795RobinM316
24%
861RobinF321
24%
1345SallyF174
24%
1207SharonF199
24%
1201SidneyM166
24%
1387SidneyF165
24%
435SylviaF719
24%
1885TessF107
24%
332TessaF962
24%
1820TiaF112
24%
935TiffanyF289
24%
276TobiasM1244
24%
1893ValenM83
24%
803ValentinM312
24%
56ValentinaF3881
24%
304WinterF1048
24%
2258WinterM64
24%
203AlanaF1412
21%
133AlinaF2109
21%
455AlisonF691
21%
288AlyssaF1097
21%
113AmirM3333
21%
2457AnabelleF73
21%
572AnderM513
21%
655AngelicaF448
21%
1382AnitaF165
21%
1728AshtonF119
21%
146AshtonM2592
21%
78AthenaF3008
21%
31AuroraF5956
21%
77AxelM4318
21%
1460BarryM123
21%
426BiancaF739
21%
116BrielleF2380
21%
1482BritneyF147
21%
223CadenM1612
21%
1710CaitlynF121
21%
645CaseM425
21%
1162CasperM175
21%
1014ClareF254
21%
1139CoryM182
21%
1025CrystalF249
21%
1966DawnF99
21%
1626DeliaF129
21%
58DelilahF3853
21%
1580DestinM111
21%
630DrakeM440
21%
408ElisaF767
21%
150ElliotM2518
21%
788ElliotF357
21%
307EllisM1089
21%
698EllisF418
21%
188ElsieF1545
21%
507EmmyF618
21%
307EsmeF1041
21%
352FatimaF902
21%
288FranciscoM1172
21%
463GarrettM660
21%
197GemmaF1495
21%
1877GeorgieF107
21%
1068GeraldM203
21%
1970GinaF99
21%
631GloriaF464
21%
1205GrayM164
21%
111HadleyF2532
21%
603HaleyF494
21%
445HankM695
21%
861HeathM278
21%
1800HudsonF113
21%
27HudsonM7883
21%
101HunterM3564
21%
780HunterF363
21%
84IrisF2922
21%
378JaredM855
21%
67JaxonM4828
21%
1378JeanM135
21%
2464JeanF73
21%
1083JillianF230
21%
321JoannaF996
21%
580JohanM496
21%
946JonesM239
21%
873JudithF316
21%
1091KathleenF227
21%
161KayleeF1814
21%
693KeithM381
21%
703KendraF416
21%
1048KieraF242
21%
1759KristenF117
21%
86LandonM4007
21%
29LaylaF6058
21%
246LeilaF1237
21%
652LeslieF450
21%
687LianM389
21%
754LoveF381
21%
545LucianM541
21%
1380LucieF166
21%
312MabelF1019
21%
345MariahF921
21%
1858MarinF109
21%
646MarinaF454
21%
1725MarionF120
21%
2329MarionM61
21%
1560MarsM113
21%
173MaxwellM2171
21%
2250MelindaF83
21%
585MichaelaF509
21%
815MitchellM303
21%
714MohammedM367
21%
437NadiaF717
21%
997NancyF262
21%
46NaomiF4463
21%
79NataliaF2995
21%
663NellieF444
21%
95NevaehF2778
21%
2141NormaF89
21%
241OmarM1448
21%
413PabloM774
21%
316PaigeF1008
21%
575PhillipM510
21%
214PhoebeF1373
21%
1003RaquelF259
21%
2386RiaF77
21%
834RickyM292
21%
1657RihannaF127
21%
96RowanM3742
21%
276RowanF1134
21%
413SabrinaF757
21%
1467SamiM123
21%
746SavannaF386
21%
135SiennaF2105
21%
551SierraF548
21%
960SimoneF277
21%
1588SkyM111
21%
738SkyF392
21%
1461SofieF151
21%
1086SpencerF230
21%
338SpencerM985
21%
1416StacyF159
21%
303TaliaF1048
21%
300TheaF1060
21%
10TheodoreM10754
21%
1019ToriF252
21%
226TristanM1588
21%
477TroyM645
21%
1494TyroneM121
21%
1039ViolaF245
21%
1410WestM130
21%
396WillaF785
21%
906YasminF304
21%
2275AbbieF81
18%
2397AbeM58
18%
204AbrahamM1824
18%
1209AddieF198
18%
819AdeleF340
18%
1095AgnesF226
18%
1236AidaF193
18%
1473AimeeF148
18%
848AlfredM285
18%
1197AmalF200
18%
169AmayaF1716
18%
209AmiraF1385
18%
856AndersM280
18%
337AndersonM994
18%
1963AndersonF99
18%
1210AnnabellaF198
18%
486AnyaF643
18%
2355AraF78
18%
183AriellaF1626
18%
1447ArmanM124
18%
1585AsiaF133
18%
467AugustusM655
18%
1411BenjiM129
18%
1046BennyM209
18%
1905BlairM81
18%
282BlairF1117
18%
884BrendanM266
18%
539BrianaF569
18%
207BrodyM1781
18%
1853BrynF109
18%
187CamdenM2009
18%
1613CamdenF130
18%
1244CarolynF192
18%
684CheyenneF425
18%
1948CindyF101
18%
1100ClaudiaF225
18%
615ClayM450
18%
664CleoF443
18%
2110CocoF90
18%
293ColinM1162
18%
1823CoriF111
18%
2403CyM58
18%
888CynthiaF312
18%
253DallasM1346
18%
645DallasF454
18%
108DamianM3445
18%
424DamonM742
18%
852DarrenM283
18%
391DestinyF792
18%
1581DevM111
18%
903DionM254
18%
1811DollyF112
18%
1794DonnieM90
18%
828DouglasM296
18%
1582EddyM111
18%
411EdenM779
18%
117EdenF2376
18%
418EdgarM769
18%
358EdwinM914
18%
465ElaineF678
18%
1508EmaF143
18%
271EmersonM1261
18%
170EmersonF1714
18%
1342EmilieF174
18%
1789EmmiF114
18%
321ErickM1044
18%
1261ErikaF189
18%
57EverlyF3880
18%
457FelicityF689
18%
712FlynnM368
18%
1060FrankieM205
18%
545FrankieF562
18%
339GabrielaF950
18%
206GavinM1785
18%
65GenesisF3427
18%
1047GenesisM209
18%
1433GlennM126
18%
37GraysonM7148
18%
2133GraysonF89
18%
1097GusM195
18%
227HallieF1316
18%
927HarleyM247
18%
331HarleyF969
18%
925HaroldM248
18%
1305HeatherF180
18%
2463HillaryF73
18%
399HugoM794
18%
1228IsaiM159
18%
832JadaF335
18%
85JamesonM4050
18%
549JaysonM538
18%
2287JoanneF81
18%
1841JohannM87
18%
986JoyceF266
18%
1618JunoF130
18%
225KaiaF1323
18%
627KaitlynF469
18%
1972KatrinaF99
18%
535KeiraF575
18%
74KennedyF3060
18%
1651KennedyM104
18%
2173KenziF87
18%
519KenzieF595
18%
381KobeM844
18%
1693LoisF123
18%
885LuisaF314
18%
93LydiaF2794
18%
105LylaF2655
18%
505MackM591
18%
315ManuelM1060
18%
814MariannaF343
18%
1275MarkusM151
18%
725MarthaF402
18%
1398MartinaF163
18%
1005MauriceM221
18%
291MckennaF1081
18%
2279MeloM63
18%
1142MillerF212
18%
601MillerM467
18%
1280MiltonM150
18%
611MinaF486
18%
1966MiranM78
18%
546MirandaF561
18%
1224MollieF196
18%
2153MonaF88
18%
517MosesM568
18%
297MuhammadM1149
18%
1611NealM108
18%
765NeilM328
18%
1267NoelF188
18%
425NoelM738
18%
2069PamelaF93
18%
115ParkerF2403
18%
94ParkerM3840
18%
756PearlF380
18%
2433PhilippaF75
18%
338PoppyF951
18%
2234PreciousF84
18%
970PrincessF273
18%
665QuincyM409
18%
1150QuincyF211
18%
232RafaelM1505
18%
1843RainM87
18%
1405RainF162
18%
1138RalphM183
18%
913RandyM251
18%
402RayaF775
18%
2453RenaF74
18%
962ReneM234
18%
1065ReneeF237
18%
424RosieF741
18%
2068SaiM73
18%
14ScarlettF7224
18%
479SethM643
18%
1484ShaunM122
18%
757SkylaF378
18%
1573SmithM112
18%
1156SoniaF210
18%
778StanleyM323
18%
871TeresaF317
18%
975TerryM230
18%
1481TheresaF148
18%
1124TrentM187
18%
646TreyM425
18%
310TrinityF1022
18%
2475UmaF73
18%
224VeraF1330
18%
346WadeM945
18%
1431WalkerF157
18%
78WalkerM4232
18%
258ZaneM1338
18%
434AdanM708
15%
92AdelineF2812
15%
718AdriannaF405
15%
739AlecM346
15%
193AlejandroM1954
15%
1400AlessaF162
15%
1608AlessiF130
15%
1386AmarM133
15%
2129AmericaF89
15%
841AnaisF331
15%
205AndresM1824
15%
313AngeloM1064
15%
719AngieF405
15%
821AnikaF339
15%
1238AntoniaF193
15%
1507AntonyM119
15%
385ArielleF813
15%
547ArmandoM538
15%
579ArturoM503
15%
121AryaF2330
15%
2289AryaM62
15%
717AviM364
15%
1231BeatrixF194
15%
963BenedictM233
15%
2072BennetM72
15%
167BlakelyF1725
15%
2014BreeF96
15%
358BrooklynnF874
15%
618BrunoM448
15%
2482BryceF72
15%
265BryceM1292
15%
388BrynnF798
15%
916CainM250
15%
376CaliF839
15%
336CaseyM1000
15%
946CaseyF285
15%
149CatalinaF1941
15%
1722ConstanceF120
15%
676CoralineF428
15%
633CoreyM435
15%
1346CruM138
15%
827DaliaF336
15%
278DaphneF1129
15%
1788DariaF114
15%
678DariusM400
15%
2057DawsonF93
15%
183DawsonM2040
15%
1999DeannaF97
15%
837DevonM289
15%
1176DinaF204
15%
80EastonM4143
15%
1730EdieF119
15%
513EdithF603
15%
621EileenF475
15%
2111ElinF90
15%
82EmeryF2961
15%
727EmeryM354
15%
198EmilioM1900
15%
934EugeneM244
15%
846FelipeM286
15%
1477FernF148
15%
282FinleyM1215
15%
218FinleyF1356
15%
447FinneganM691
15%
165GenevieveF1737
15%
1189GioM168
15%
813GoldieF343
15%
968GordonM232
15%
858GretaF322
15%
1108HaileeF222
15%
708HalleF414
15%
403HarveyM789
15%
496HeavenF631
15%
370HeidiF849
15%
1325HenriM141
15%
1051HowardM207
15%
811HughM305
15%
1286ImogenF184
15%
2162IndianaM67
15%
1825IndianaF111
15%
58IsaiahM5360
15%
501JacquelineF624
15%
1080JamalM201
15%
1137JanaF213
15%
119JaxsonM3160
15%
319JaylenM1049
15%
2338JaylenF79
15%
1119JewelF219
15%
792JohannaF355
15%
2443JosefM57
15%
1642JudeF128
15%
161JudeM2288
15%
1610JulesM108
15%
2052JulesF94
15%
1716JulianneF121
15%
348JuliusM936
15%
879JusticeF315
15%
764JusticeM328
15%
874KaraF316
15%
2426KathyF75
15%
107KaydenM3451
15%
2189KaydenF86
15%
456KianM669
15%
252KiaraF1216
15%
61KinsleyF3679
15%
390KiraF796
15%
1358KitM137
15%
1379KitF166
15%
1466KristinaF150
15%
859LiliannaF322
15%
270LilithF1173
15%
890LiviaF312
15%
1739LizaF119
15%
2494LizzieF72
15%
222LondynF1344
15%
442LoreleiF711
15%
950LottieF283
15%
360LucianaF874
15%
281LucilleF1126
15%
2036MackenzieM74
15%
141MackenzieF2030
15%
722MacyF404
15%
491MaddisonF638
15%
384MadeleineF814
15%
104MaeveF2659
15%
347MaisieF911
15%
620MaraF476
15%
660MarcelM412
15%
617MargoF479
15%
193MargotF1522
15%
2087MarianneF92
15%
1312MarissaF179
15%
1497MelaniaF145
15%
549MeredithF550
15%
90MicahM3933
15%
1149MicahF211
15%
704MileyF416
15%
185MylaF1593
15%
191NicolasM1973
15%
211NoelleF1382
15%
192NorahF1528
15%
1194NormanM167
15%
883NovaM267
15%
32NovaF5885
15%
604OceanM466
15%
759OceanF376
15%
272OpheliaF1160
15%
2116PaoloM70
15%
2307PaxM62
15%
256PaxtonM1341
15%
2210PaxtonF85
15%
483RaphaelM635
15%
2451RavenM57
15%
409RavenF767
15%
168ReeseF1721
15%
642ReeseM427
15%
1242RobynF193
15%
608RolandM458
15%
1285RossM149
15%
374RussellM860
15%
1562RyleeM113
15%
107RyleeF2573
15%
1779SamarM92
15%
299SamaraF1062
15%
1533SantiM117
15%
48SantiagoM6017
15%
240SawyerF1257
15%
131SawyerM2890
15%
511ShaneM579
15%
1884ShannonF107
15%
87SkylarF2881
15%
1249SkylarM156
15%
440SolomonM704
15%
1794SonyaF114
15%
948StefanM239
15%
1231SunnyM159
15%
552SunnyF548
15%
1472TabithaF149
15%
2503TaiM55
15%
2517TamarF71
15%
1742TamaraF119
15%
1040TeddyM211
15%
691TomasM382
15%
2434TracyF75
15%
537TrevorM551
15%
392TysonM805
15%
2097ValentineM71
15%
335WarrenM1008
15%
82WestonM4090
15%
1173WillieM174
15%
592WinnieF502
15%
310ZanderM1080
15%
275ZaynM1258
15%
1632AbdulM105
12%
215AbelM1753
12%
287AdelynF1099
12%
1765AgathaF116
12%
296AidanM1154
12%
461AishaF682
12%
382AlessandraF817
12%
354AlessiaF894
12%
2398AlfieM58
12%
1111AlishaF221
12%
580AmaliaF513
12%
1646AminM104
12%
318AminaF1005
12%
1934AnabellaF102
12%
1258AndreasM154
12%
2093AnnabethF91
12%
1606AntoineM108
12%
722AronM359
12%
1564AshlyF135
12%
779AshlynF363
12%
749AyaF383
12%
98AylaF2735
12%
195BeckettM1948
12%
1653BeckettF127
12%
1159BettyF208
12%
937BradenM243
12%
157BraxtonM2379
12%
149BraydenM2571
12%
1746BrennaF118
12%
1372BrentM135
12%
76BrooksM4336
12%
249CallumM1409
12%
1579CamrynM111
12%
445CamrynF701
12%
263CashM1300
12%
1556CecilM113
12%
958CedricM235
12%
292CelesteF1075
12%
341ChanceM972
12%
939ChanelF287
12%
1869CharleyM84
12%
699CharleyF417
12%
2077ChristianaF92
12%
1374ClarenceM135
12%
1732ClintM96
12%
472CollinM648
12%
240ColtM1457
12%
91ColtonM3906
12%
573ConorM512
12%
1906ConstantineM81
12%
428CorbinM720
12%
317CruzM1056
12%
825CurtisM298
12%
280DahliaF1127
12%
1549DaleM114
12%
304DamienM1097
12%
114DeclanM3329
12%
657DellaF446
12%
1671DenisM102
12%
1401DeniseF162
12%
363DesmondM901
12%
692DexterM381
12%
1595DiamondF132
12%
2263DiannaF82
12%
2186DorisF86
12%
679DukeM399
12%
632DustinM436
12%
877ElioM271
12%
2000ElliaF97
12%
131EllianaF2114
12%
628ElliottF468
12%
168ElliottM2214
12%
1568EllyF135
12%
86EloiseF2888
12%
1272ElvisM151
12%
2076EmileM72
12%
1776EmmeF115
12%
431EstebanM714
12%
333EvelynnF958
12%
648EzraF453
12%
25EzraM7943
12%
457FabianM668
12%
1433FarahF156
12%
342FernandoM971
12%
473FordM646
12%
706ForestM371
12%
1422FrancescoM128
12%
379GianniM850
12%
1141GianniF212
12%
936GiovannaF288
12%
122GiovanniM2966
12%
351GiselleF903
12%
414GracelynF756
12%
758GreyM331
12%
636GustavoM433
12%
389GwendolynF796
12%
1199HarlowM166
12%
261HarlowF1190
12%
215HarmonyF1370
12%
1778HermioneF115
12%
1583HollandM111
12%
590HollandF505
12%
2484HollieF72
12%
1104IdaF224
12%
1854ImanF109
12%
1932ImanM80
12%
553IndieF547
12%
982IndigoF268
12%
1529IndigoM117
12%
584IsabelaF509
12%
1813IsisF112
12%
518IvoryF595
12%
1540IzzyF138
12%
988JakobM226
12%
130JasperM2898
12%
2448JasperF74
12%
830JaydaF336
12%
1185JefferyM170
12%
1736JessaF119
12%
1954JosephinaF101
12%
181JudahM2062
12%
550JulioM538
12%
823KassidyF338
12%
2208KatyF85
12%
567KeeganM520
12%
464KendrickM660
12%
186KhloeF1574
12%
490KieranM615
12%
1659KlayM103
12%
1952KurtM79
12%
557KylaF543
12%
227KyrieM1586
12%
2032KyrieF95
12%
875LaceyF316
12%
1705LakeM99
12%
792LanceM317
12%
942LeannaF286
12%
2314LeanneF80
12%
256LeiaF1210
12%
953LexieF281
12%
450LianaF696
12%
1219LiannaF197
12%
97LilianaF2768
12%
368LillianaF855
12%
1167LilliannaF206
12%
762LillieF374
12%
1868LuaF108
12%
2131LuanM69
12%
644MaciF455
12%
537MacieF571
12%
395MalikM803
12%
491MarcosM614
12%
277MarleyF1133
12%
1142MarleyM182
12%
1718MarloF121
12%
1994MarloM76
12%
384MarshallM833
12%
396MathiasM797
12%
184MatteoM2036
12%
40MaverickM6991
12%
1991MaverickF98
12%
270MaximusM1266
12%
355MckenzieF881
12%
109MelodyF2558
12%
1248MercedesF192
12%
324MilanM1036
12%
660MilanF445
12%
265MiriamF1182
12%
564MohamedM524
12%
1815MorrisM89
12%
2037MuhammedM74
12%
302MyaF1050
12%
251NashM1402
12%
1279NeveahF187
12%
394OakleyM804
12%
157OakleyF1837
12%
330OdinM1014
12%
525OpalF591
12%
1902OriM82
12%
1804PauloM90
12%
415PedroM772
12%
1586PercyM111
12%
255PrestonM1345
12%
654QuentinM417
12%
381RaelynF818
12%
794RamonaF355
12%
959RebekahF277
12%
1719ReganF121
12%
1844ReggieM87
12%
118RemiF2374
12%
742RemiM346
12%
601RemyF495
12%
356RemyM916
12%
357RicardoM916
12%
1319RitaF178
12%
749RogerM340
12%
816RohanM303
12%
323RomeoM1038
12%
1044RonnieM210
12%
2407RonnieF76
12%
280RoryM1225
12%
335RoryF956
12%
1185RyderF202
12%
116RyderM3304
12%
591SamirM481
12%
76SavannahF3034
12%
922ScottieF292
12%
691SeleneF422
12%
96SerenityF2775
12%
1658SheilaF127
12%
1151SiaF211
12%
416SkyeF754
12%
2253SkyeM64
12%
670SkylerM405
12%
541SkylerF568
12%
263StevieF1188
12%
1438SusannaF156
12%
2119SylvesterM70
12%
436SylvieF718
12%
1763TaniaF117
12%
1066TaraF237
12%
286TeaganF1102
12%
1444TeaganM125
12%
1276TerrenceM151
12%
661TianaF445
12%
1439TillieF156
12%
1027TillyF249
12%
362TitusM902
12%
1468ToddM123
12%
1979ToniF99
12%
383TravisM842
12%
146ValeriaF1994
12%
148ValerieF1974
12%
1325VenusF177
12%
1541VernonM116
12%
1216ViktorM162
12%
540VirginiaF569
12%
383VivianaF815
12%
1773VivienF116
12%
70WesleyM4644
12%
1637WesleyF129
12%
1093WinifredF227
12%
420WinstonM759
12%
1028XenaF249
12%
1241ZackaryM158
12%
556ZainM535
12%
1129ZeusM186
12%
1562ZionF136
12%
144ZionM2600
12%
789AbdullahM318
9%
153AceM2474
9%
1583AdalinaF133
9%
2438AdalyF74
9%
180AdalynF1648
9%
224AdonisM1603
9%
1102AdrienM193
9%
1195AdrienneF200
9%
663AhmedM409
9%
721AileenF404
9%
567AlejandraF529
9%
540AlessandroM546
9%
587AliaF508
9%
319AliviaF1004
9%
844AliyaF330
9%
232AliyahF1304
9%
482AlmaF652
9%
142AmaraF2029
9%
174AmariM2157
9%
320AmariF1001
9%
872AmelieF316
9%
1727AmorF119
9%
2399AmorM58
9%
629AmosM440
9%
771AndiF368
9%
1848AngusM86
9%
417AnnaliseF751
9%
231ArabellaF1306
9%
126ArcherM2914
9%
377ArchieM855
9%
1520ArnoldM118
9%
2433ArtemM57
9%
1578ArtemisM111
9%
904ArtemisF304
9%
451AsaM678
9%
2097AsaF91
9%
1022AspenM215
9%
196AspenF1502
9%
403AstridF774
9%
238AubreeF1279
9%
1035AuraF245
9%
1548AvenM114
9%
2199AviaF85
9%
854AyanM281
9%
171AydenM2178
9%
1714BaronM98
9%
1487BarronM121
9%
2013BeatrizF96
9%
202BeckhamM1829
9%
1822BennettF111
9%
83BennettM4082
9%
643BensonM426
9%
1612BentleyF130
9%
172BentleyM2177
9%
1290BernardM147
9%
1112BeverlyF221
9%
1901BlancaF105
9%
960BodeM234
9%
350BriellaF903
9%
204BrynleeF1410
9%
2027CadenceM74
9%
857CadenceF322
9%
1573CallaF134
9%
148CalvinM2576
9%
1402CamdynM131
9%
2218CamdynF84
9%
12CamilaF7965
9%
145CeciliaF1995
9%
342CelineF937
9%
924ChandlerF291
9%
640ChandlerM428
9%
1756CharityF117
9%
346CharleeF915
9%
1838CharleneF110
9%
1938CharmF102
9%
1245CiaraF192
9%
1046ClarissaF243
9%
427ClarkM724
9%
286ClaytonM1194
9%
2485ClementM55
9%
558ClementineF542
9%
2486CliveM55
9%
597ColbyM468
9%
1475CristinaF148
9%
516DaltonM569
9%
875DaneM273
9%
353DannaF895
9%
987DarwinM226
9%
860DenverF321
9%
480DenverM642
9%
715DerrickM366
9%
2045DesireF94
9%
423DevinM744
9%
2058DevinF93
9%
726DillonM356
9%
840DiorM288
9%
641DiorF457
9%
2377DoloresF77
9%
1381DominiqueM134
9%
2280DominiqueF81
9%
565DorianM521
9%
2075DreamM72
9%
336DreamF951
9%
924DuncanM248
9%
1291DwayneM147
9%
1961EarlM78
9%
1198EdmundM166
9%
2131EdnaF89
9%
2502EffieF71
9%
1930ElanM80
9%
1330EliotM140
9%
2184EliottM66
9%
973ElisabethF272
9%
668ElliannaF435
9%
1823EllisonM88
9%
1060EllisonF239
9%
1096ElonM195
9%
461EmanuelM661
9%
160EmberF1819
9%
768EmeraldF371
9%
170EmmanuelM2200
9%
1474EmmetM122
9%
736EmmieF392
9%
466EmoryF678
9%
845EmoryM286
9%
542EnriqueM545
9%
371EsmeraldaF848
9%
1548EsterF137
9%
1628EvangelinaF129
9%
268EvangelineF1175
9%
2400EverettF76
9%
81EverettM4100
9%
99EverleighF2708
9%
2110FedericoM70
9%
1510FinneasM119
9%
890FisherM262
9%
2267FlintM63
9%
402ForrestM790
9%
2358FrancineF78
9%
104GaelM3503
9%
1423GerardM128
9%
898GianaF309
9%
1227GilbertM159
9%
359GracelynnF874
9%
95GreysonM3750
9%
843GuillermoM287
9%
2159HamiltonM67
9%
724HanaF402
9%
1403HansM131
9%
209HayesM1770
9%
2168HayesF87
9%
354HectorM923
9%
2283HenriettaF81
9%
283HoldenM1214
9%
1205HoneyF199
9%
694HoustonM380
9%
1843InesF110
9%
1105IngridF224
9%
844IraM287
9%
1229IraF195
9%
1735IrinaF119
9%
1825IrvinM88
9%
1649IrvingM104
9%
1844IsraF110
9%
233IsraelM1495
9%
1082IvanaF230
9%
2336IvankaF79
9%
784JaggerM321
9%
2489JaquelineF72
9%
475JaxtonM645
9%
340JaylaF942
9%
759JeffersonM331
9%
700JemmaF417
9%
1146JeromeM180
9%
783JoelleF361
9%
502JohnathanM593
9%
485JoleneF645
9%
1800JordiM90
9%
289JosueM1171
9%
315JourneyF1008
9%
1703JourneyM99
9%
1351JuanaF172
9%
114JuniperF2474
9%
350KadeM933
9%
267KadenM1285
9%
259KalebM1332
9%
360KaneM907
9%
772KarimM325
9%
1663KatarinaF126
9%
2507KatelynnF71
9%
1022KayaF251
9%
629KelseyF466
9%
681KennaF427
9%
1223KennyM160
9%
1545KentM115
9%
753KianaF381
9%
128KingstonM2900
9%
527KinleyF589
9%
2499KirkM55
9%
727KyleeF399
9%
252KylerM1357
9%
2190KylerF86
9%
748LandenM342
9%
2033LaniF95
9%
1557LarissaF136
9%
2469LeanaF73
9%
59LeilaniF3834
9%
1989LelaF98
9%
1026LibbyF249
9%
219LilahF1356
9%
54LincolnM5599
9%
1683LincolnF124
9%
1443LinusM125
9%
619LionelM448
9%
1479LiyaF148
9%
2471LoraleiF73
9%
480LorelaiF654
9%
133LorenzoM2824
9%
711LouieM369
9%
1904LuanaF105
9%
1905LucindaF105
9%
1584LutherM111
9%
981LuxM228
9%
1929LuxF103
9%
943LuzF286
9%
470MadelynnF672
9%
1619MaevaF130
9%
915MagdalenaF297
9%
393MakaylaF790
9%
285MalcolmM1211
9%
2278MannyM63
9%
2328MarcellM61
9%
1133MarcellaF214
9%
696MarilynF419
9%
1275MarjorieF187
9%
1255MarleneF190
9%
991MarlonM224
9%
881MathewM268
9%
1056MattieF240
9%
1761MauraF117
9%
1965MerrittM78
9%
1543MerrittF138
9%
1084MiahF230
9%
1403MikaF162
9%
1871MildredF108
9%
1772MillyF116
9%
2344MindyF79
9%
1287MontanaF184
9%
1638MontanaM105
9%
885MurphyM266
9%
665MurphyF443
9%
112MylesM3337
9%
561MyraF540
9%
797NelsonM314
9%
2093NigelM71
9%
728NixonM354
9%
2021OllieF96
9%
1027OllieM215
9%
1366OskarM136
9%
1943PerryF102
9%
1367PerryM136
9%
1157PierreM177
9%
1405PresleyM131
9%
230PresleyF1309
9%
2177PrimroseF87
9%
100RaelynnF2702
9%
553RaulM537
9%
1293RebecaF183
9%
528ReeceM560
9%
1656ReeceF127
9%
1053ReginaldM207
9%
325ReidM1034
9%
650ReignM422
9%
365ReignF864
9%
787ReyM320
9%
151RhettM2488
9%
426RhysM725
9%
1281RianM150
9%
1880RichieM84
9%
1749RioF118
9%
561RioM526
9%
1697RipM100
9%
1134RiyaF214
9%
513RoccoM577
9%
1634RomiF129
9%
1865RonaldoM85
9%
266RonanM1292
9%
176RosalieF1682
9%
367RosemaryF863
9%
522RowenM565
9%
1415RowenF159
9%
853RudyM282
9%
447RylieF699
9%
2123SabineF90
9%
585SamsonM485
9%
901SaoirseF307
9%
910SapphireF300
9%
510SaulM579
9%
1881SloanM84
9%
636SloanF461
9%
429SonnyM720
9%
1506SteeleM120
9%
2132StefanoM69
9%
982StoneM228
9%
2371TateF78
9%
234TateM1484
9%
318TatumM1050
9%
274TatumF1152
9%
1684TeganF124
9%
2454TeganM57
9%
781TrentonM322
9%
644TruM426
9%
948TruF284
9%
197TuckerM1924
9%
1112UlyssesM191
9%
682ViennaF427
9%
683VincenzoM394
9%
2498ViolettF72
9%
1590ViolettaF133
9%
306VivienneF1042
9%
1643VladimirM105
9%
1044WhitneyF244
9%
980WinonaF269
9%
1008WrenM220
9%
184WrenF1595
9%
356WynterF878
9%
143XimenaF2004
9%
1486YasmineF147
9%
2197YvonneF86
9%
533ZachariahM558
9%
416ZayneM772
9%
610ZekeM457
9%
911ZenM252
9%
245AdalineF1238
6%
132AdalynnF2113
6%
2391AdeliaF76
6%
401AdelinaF776
6%
349AdelynnF906
6%
819AdenM301
6%
2201AdinM65
6%
1722AdolfoM97
6%
795AilaF354
6%
1911AilenF104
6%
506AinsleyF620
6%
325AitanaF984
6%
1226AlbaF195
6%
701AlbertoM374
6%
1752AlekM94
6%
748AlenaF383
6%
1234AlessioM158
6%
704AlfredoM372
6%
1356AlisaF170
6%
820AllanM301
6%
847AllysonF329
6%
1338AltheaF174
6%
737AlvinM347
6%
1196AlysonF200
6%
1781AmaniM91
6%
581AmaniF513
6%
1686AmberlyF123
6%
577AmirahF516
6%
1230AmiyaF194
6%
429AmiyahF732
6%
373AmoraF841
6%
1862AnaliF108
6%
637AnaliaF459
6%
1118AndieF219
6%
1237AngelineF193
6%
842AngeliqueF331
6%
2302AnisaF80
6%
1071AniyaF233
6%
378AniyahF820
6%
1362AnnetteF169
6%
838AnnikaF333
6%
388ApolloM816
6%
1288ArchibaldM147
6%
1282ArielaF185
6%
872AriesM274
6%
1982AriesF98
6%
576ArjunM506
6%
2074ArloF92
6%
169ArloM2204
6%
1525ArmonM117
6%
1459AstonM123
6%
129AtlasM2898
6%
1389AtlasF164
6%
1565AubriF135
6%
891AubrieF311
6%
930AubriellaF289
6%
2415AudenF75
6%
1806AudenM89
6%
2291AugustinM62
6%
623AugustineM446
6%
490AureliaF639
6%
1456AvalynF151
6%
905AveriF304
6%
517AverieF595
6%
1616AvianM107
6%
743AvianaF386
6%
1821AvrilF111
6%
639AxtonM429
6%
1186AyannaF201
6%
1936AydaF102
6%
404AzaleaF772
6%
2006AzizM75
6%
887BaileeF312
6%
208BarrettM1777
6%
869BayleeF317
6%
1251BentonM155
6%
2216BetsyF84
6%
562BlaireF539
6%
1216BlessingF197
6%
301BodhiM1112
6%
1183BookerM170
6%
389BowenM816
6%
2105BraedenM70
6%
865BraelynF318
6%
2154BraelynM67
6%
574BraelynnF518
6%
1677BreannaF124
6%
990BrennanM224
6%
512BristolF605
6%
907BryantM253
6%
137BrysonM2687
6%
892ByronM260
6%
306CairoM1094
6%
450CamiloM679
6%
1989CamrenM76
6%
1383CarinaF165
6%
2398CarlieF76
6%
341CataleyaF940
6%
2076CatarinaF92
6%
1175CaydeM173
6%
1063CelinaF237
6%
548CharleighF557
6%
1998CharlyF97
6%
1755ChesterM94
6%
2180ChetM66
6%
1296ChiaraF182
6%
1553ClarkeF136
6%
1271CliffordM151
6%
1960CliftonM78
6%
1391ClintonM132
6%
688ClydeM388
6%
1558CobyM113
6%
277CohenM1239
6%
1152ColemanM178
6%
448ColetteF697
6%
635ConnerM433
6%
574ConradM511
6%
1076CorinneF232
6%
1522CreeM118
6%
1483DaraF147
6%
1077DarcyF232
6%
675DarioM402
6%
1876DarleneF107
6%
1431DarrellM126
6%
1656DarrylM103
6%
2181DavinM66
6%
242DelaneyF1252
6%
1090DenzelM197
6%
1102DesireeF224
6%
446DonovanM691
6%
1243DovM157
6%
2187DoveF86
6%
2048DruM73
6%
254ElainaF1211
6%
1023EleanoraF250
6%
334EliannaF956
6%
853ElinaF326
6%
2281ElishaF81
6%
822ElishaM300
6%
690ElodieF422
6%
134EmersynF2109
6%
152EmilianoM2475
6%
1081EmmalineF231
6%
985EmmelineF266
6%
115EmmettM3308
6%
1698EmryF122
6%
121EnzoM3077
6%
498EstellaF628
6%
1840EvelinF110
6%
1153EvelinaF210
6%
362EverleeF869
6%
2243EverlieF83
6%
49EzekielM5993
6%
714FallonF407
6%
1204FarrahF199
6%
564FayeF534
6%
838FrancoM289
6%
1103FridaF224
6%
1221GaiaF196
6%
1376GarrisonM135
6%
581GerardoM490
6%
333GideonM1012
6%
2080GigiF92
6%
1987GloryF98
6%
155GrahamM2390
6%
913GuinevereF298
6%
1600HaidenM109
6%
2031HailieF95
6%
1619HamptonM107
6%
881HarleeF314
6%
779HassanM322
6%
411HattieF759
6%
1012HayleeF255
6%
2270HerbertM63
6%
1716HusseinM98
6%
766IdrisM327
6%
678IlaF428
6%
2488ImogeneF72
6%
1971InezF99
6%
2445IonaF74
6%
312IsmaelM1072
6%
1477IsmailM122
6%
2446IssaF74
6%
1776IssaM92
6%
103JaceM3516
6%
1451JaelM124
6%
1512JaelF142
6%
455JaidenM673
6%
594JaimeM477
6%
524JalenM564
6%
2129JamilM69
6%
590JamisonM482
6%
671JanelleF431
6%
2381JannaF77
6%
554JaseM536
6%
154JayceM2413
6%
2211JayceeM65
6%
1005JayceeF257
6%
303JensenM1100
6%
2465JensenF73
6%
2003JiaF97
6%
328JoaquinM1023
6%
2163JobM67
6%
1845JocelynnF110
6%
2014JohnnieM75
6%
2382JordenM59
6%
1681JordynnF124
6%
2222JoseyF84
6%
864JudsonM277
6%
1391JuliettaF164
6%
2213JupiterM65
6%
1555JupiterF136
6%
167KaidenM2225
6%
1815KailaF112
6%
1541KaileeF138
6%
909KaisenM252
6%
600KamdenM467
6%
406KameronM785
6%
686KarlaF424
6%
1513KarolinaF142
6%
2246KarolineF83
6%
1570KarsenM112
6%
243KashM1440
6%
1876KasperM84
6%
475KatalinaF666
6%
1377KaterinaF166
6%
658KathrynF446
6%
528KayleighF588
6%
541KaysenM546
6%
279KaysonM1229
6%
1147KeenanM180
6%
2497KerryM55
6%
2138KhaliF89
6%
308KhalilM1085
6%
1206KingsleyF199
6%
741KingsleyM346
6%
1877KlausM84
6%
351KoaM933
6%
1758KoaF117
6%
462KoraF682
6%
2446KoreyM57
6%
744KoriF386
6%
1011KristopherM219
6%
525KylianM564
6%
659KyraF446
6%
308LailaF1028
6%
2117LainaF90
6%
1760LarsM94
6%
2469LarsonM56
6%
927LaurynF290
6%
593LedgerM478
6%
821LeightonM301
6%
375LeightonF840
6%
499LelandM605
6%
327LeonelM1028
6%
1784LesterM91
6%
1328LiahF176
6%
764LibertyF373
6%
1073LinkM202
6%
1274LorenaF187
6%
1311LorraineF179
6%
369LucianoM875
6%
1084LucienM200
6%
2418LuciferM58
6%
1990LulaF98
6%
589LylahF508
6%
1771LyndonM93
6%
1063LyricM205
6%
469LyricF672
6%
2247MaceM64
6%
1694MaceyF123
6%
2495MackennaF72
6%
1869MaddenF108
6%
655MaddenM416
6%
179MaddoxM2097
6%
1941MaddoxF102
6%
330MadilynF970
6%
808MadisynF346
6%
1207MaelM164
6%
1717MagdaleneF121
6%
988MaisyF266
6%
398MakennaF783
6%
395MalaniF789
6%
2365MalenaF78
6%
2269MalikaF82
6%
1320MarcelloM142
6%
543MarceloM545
6%
1819MargaritaF112
6%
570MariamF524
6%
2065MarielF93
6%
833MarigoldF335
6%
822MarisolF339
6%
2342MarlaF79
6%
454MarleeF692
6%
1916MarliF104
6%
2451MarnieF74
6%
2007MaryannF97
6%
1936MatheusM80
6%
196MatiasM1939
6%
465MatthiasM656
6%
680MavisF428
6%
406MeadowF768
6%
639MelinaF459
6%
2452MelodieF74
6%
766MilanaF372
6%
1942MillicentF102
6%
1449MirabelF153
6%
419MiracleF750
6%
2067MoiraF93
6%
1065MontgomeryM204
6%
2221MorrisonM65
6%
1689MyronM101
6%
1484NadineF147
6%
804NalaF347
6%
478NavyF655
6%
2039NavyM74
6%
747NayaF385
6%
1679NeelM102
6%
448NehemiahM687
6%
2292NellaF81
6%
1981NiallM77
6%
1438NiamM126
6%
287NikoM1186
6%
1453NikolaM124
6%
1603NileM109
6%
1622NoellaF130
6%
643NoemiF456
6%
773NoorF367
6%
1806NyaF113
6%
241NylaF1255
6%
468OakleeF677
6%
1515OakleeM119
6%
524OakleighF592
6%
526OaklynF590
6%
159OaklynnF1824
6%
249OctaviaF1229
6%
1792OdessaF114
6%
1343OrenM139
6%
331OrionM1014
6%
809OrlandoM307
6%
505PaisleeF621
6%
957PalomaF279
6%
1193PatienceF201
6%
1606PauletteF131
6%
2253PhilomenaF83
6%
1640PhineasM105
6%
1958PippaF101
6%
2294PorterF81
6%
506PorterM591
6%
2425PriceM58
6%
497PrincetonM607
6%
716PriscillaF407
6%
1704PriyaF122
6%
757QuintonM333
6%
324RaeganF989
6%
1209RamiM164
6%
2065RamirM73
6%
1268RandallM152
6%
765RaynaF373
6%
798RayneF351
6%
2249RayneM64
6%
624ReinaF473
6%
492RenataF638
6%
698RexM377
6%
597RheaF498
6%
1126RhiannonF217
6%
1998RidleyM76
6%
1917RidleyF104
6%
1170RipleyF206
6%
1624RipleyM107
6%
1909RochelF105
6%
1355RomyF171
6%
938RosalynF288
6%
2387RosarioF77
6%
1373RoxanneF167
6%
370RoyalM868
6%
864RoyalF319
6%
427RoyaltyF734
6%
459RubenM666
6%
1062RubiF239
6%
1294RueF183
6%
1013RuthieF255
6%
175RykerM2146
6%
2212RylaF85
6%
376RylanM856
6%
989RylanF266
6%
190RyleighF1539
6%
2321SabinaF80
6%
397SaigeF784
6%
2252SaigeM64
6%
1303SailorF181
6%
453SalemF693
6%
681SalemM394
6%
894SalmaF310
6%
778SamiraF364
6%
453SantinoM677
6%
207SaylorF1404
6%
2149SaylorM68
6%
962ScarletteF276
6%
1409SelinaF161
6%
2322SereneF80
6%
382SergioM842
6%
1017ShaiM217
6%
1883ShaiF107
6%
2143ShaniaF89
6%
912ShayF299
6%
1681ShayM102
6%
1492SheaM121
6%
1043SheaF244
6%
2196SheldonM66
6%
1589ShirleyF133
6%
720SienaF405
6%
87SilasM3996
6%
2256SiobhanF83
6%
140SloaneF2050
6%
530SorenM559
6%
2056StarF94
6%
1375SterlingF167
6%
401SterlingM792
6%
2362StuartM60
6%
2195SullivanF86
6%
365SullivanM898
6%
2235SusieF84
6%
1004TallulahF258
6%
410TannerM780
6%
1280TatianaF187
6%
770TaytumF369
6%
1348TenleyF173
6%
945TeoM240
6%
642ThaliaF457
6%
694TheodoraF421
6%
1942ThorM80
6%
2254TigerM64
6%
1191TorinM168
6%
703TraceM373
6%
2255TraeM64
6%
1630TyrellM106
6%
2313TyreseM62
6%
1240UmarM158
6%
509ValentinoM580
6%
978VanceM229
6%
1161VaughnM176
6%
1932VerityF103
6%
682VicenteM394
6%
740VioletaF391
6%
1073VioletteF233
6%
1269ViviannaF188
6%
750WaverlyF383
6%
66WaylonM4897
6%
466WellsM656
6%
2454XeniaF74
6%
494XiomaraF636
6%
1314YuriF179
6%
1780YuriM92
6%
569YusufM518
6%
1674YvetteF125
6%
606ZahraF489
6%
1986ZaineM77
6%
731ZaydM354
6%
669ZeldaF434
6%
2128ZenaF90
6%
956ZevM236
6%
194ZuriF1513
6%
667AaravM406
3%
1566AarushM112
3%
638AbramM429
3%
1094AddisynF226
3%
1080AddysonF231
3%
1388AdilynnF164
3%
1406AdinaF161
3%
973AdlerM230
3%
2299AdoraF80
3%
2260AdrianoM63
3%
929AgustinM245
3%
634AhmadM434
3%
1264AinaraF188
3%
1639AiraF128
3%
1114AiyanaF220
3%
2091AiyannaF91
3%
1923AjayM80
3%
1471AkeemM122
3%
1270AkiraF187
3%
138AlaiaF2072
3%
202AlainaF1426
3%
1946AlanahF101
3%
568AlannaF528
3%
1361AlannahF169
3%
1501AlaraF144
3%
1933AlaskaF102
3%
394AlayaF789
3%
273AlaynaF1156
3%
1457AlderM123
3%
939AldoM242
3%
670AleahF433
3%
1309AleksanderM143
3%
918AlfonsoM249
3%
647AlianaF453
3%
1650AlissaF127
3%
928AlistairM246
3%
1874AlitaF107
3%
750AlonsoM339
3%
266AloraF1179
3%
2315AlphaM61
3%
1868AltonM84
3%
2392AmbarF76
3%
2084AmesM71
3%
1178AmiaF203
3%
2214AmilaF84
3%
1088AminahF228
3%
2277AminataF81
3%
2163AmourF87
3%
735AmouraF393
3%
606AnakinM460
3%
2198AnanyaF85
3%
407AnayaF767
3%
1493AnnistonF145
3%
1089AnsleyF228
3%
434AntonellaF719
3%
2317AntwanM61
3%
1786AoifeF114
3%
2096ArabelleF91
3%
1058ArdenF239
3%
1250ArdenM155
3%
2102ArenM70
3%
1199AriadnaF200
3%
1969ArinM77
3%
1743ArisM95
3%
1925ArlenM80
3%
398ArmaniM795
3%
444ArmaniF701
3%
1970ArminM77
3%
1458ArrowM123
3%
817AryanM302
3%
1640AryanaF128
3%
1530AryannaF139
3%
1592AshaF132
3%
786AshlynnF359
3%
1647AshtynM104
3%
1886AshtynF106
3%
1912AsmaF104
3%
2481AsterF72
3%
274AtticusM1259
3%
896AubrielleF309
3%
1922AudraF103
3%
1887AudrianaF106
3%
955AvalynnF279
3%
1136AvaniF213
3%
443AviannaF710
3%
1617AxellM107
3%
1075AyanaF232
3%
1651AyatF127
3%
1282AydanM149
3%
1125AydinM186
3%
278AzielM1233
3%
2042BakerF94
3%
433BakerM709
3%
1151BastianM178
3%
810BaylorF344
3%
390BaylorM814
3%
2342BayronM60
3%
742BelenF389
3%
1114BenitoM190
3%
2304BerkeleyF80
3%
820BerkleyF340
3%
1298BernadetteF181
3%
1299BernardoM145
3%
1034BlaineM212
3%
1015BlaiseM217
3%
1745BlakeleighF118
3%
1775BlakelynF115
3%
1593BlakelynnF132
3%
752BlazeM336
3%
2356BlossomF78
3%
859BodenM279
3%
2202BodiM65
3%
484BodieM629
3%
602BooneM466
3%
617BostonM448
3%
1094BowieM196
3%
1852BowieF109
3%
1633BoydM105
3%
314BrantleyM1060
3%
782BrayanM321
3%
1380BraydonM134
3%
548BraylenM538
3%
584BraylonM485
3%
1526BrentleyM117
3%
1684BrewerM101
3%
533BriarF579
3%
743BriarM345
3%
738BridgerM347
3%
2217BridgetteF84
3%
1669BrightonM102
3%
1965BrightonF99
3%
2484BrittonM55
3%
783BrockM321
3%
886BrodieM265
3%
944BronsonM240
3%
1796BryannaF113
3%
751BrynleighF382
3%
1175BrynleyF204
3%
2007CaineM75
3%
518CallahanM567
3%
2440CallahanF74
3%
353CallanM928
3%
583CalliopeF509
3%
813CalumM303
3%
1408CambriaF161
3%
1983CamelliaF98
3%
1029CampbellM214
3%
1228CampbellF195
3%
596CannonM468
3%
1591CanonM110
3%
653CapriF449
3%
1333CarmellaF175
3%
700CarmeloM375
3%
1670CarsenM102
3%
2008CarsynM75
3%
1232CarsynF194
3%
1499CarverM120
3%
1077CashtonM201
3%
785CasonM320
3%
552CassiusM537
3%
295CaydenM1159
3%
1167CaysenM174
3%
684CaysonM393
3%
522CeceliaF593
3%
1600CecilyF131
3%
866CeliaF318
3%
345CesarM945
3%
2441CharletteF74
3%
2461ChazM56
3%
1531CherishF139
3%
1592ChevyM110
3%
736CillianM349
3%
755CloverF380
3%
1010CoenM219
3%
1096ColbieF226
3%
316ColsonM1058
3%
430ColterM717
3%
2488ConanM55
3%
1715CorbynM98
3%
1053CordeliaF240
3%
1767CorneliusM93
3%
1984CosetteF98
3%
1501CraigM120
3%
2265CrawfordM63
3%
651CreedM421
3%
254CrewM1345
3%
322CristianM1040
3%
1035CristianoM212
3%
1448CristobalM124
3%
1283CristopherM149
3%
2295CrossM62
3%
868CrueM276
3%
908CullenM253
3%
326CyrusM1032
3%
423DaleyzaF745
3%
876DamariM272
3%
2009DamionM75
3%
887DamirM265
3%
940DangeloM242
3%
1307DanicaF179
3%
311DanteM1077
3%
2236DarellM64
3%
974DarianM230
3%
435DarielM707
3%
1202DarlaF199
3%
1748DarnellM95
3%
1973DarylM77
3%
827DashM296
3%
2501DashaF71
3%
2047DashawnM73
3%
563DavinaF536
3%
444DaxM695
3%
334DaxtonM1010
3%
1004DeandreM221
3%
1461DeangeloM123
3%
2073DeenM72
3%
2261DejaF82
3%
2462DemetriM56
3%
979DemetriusM228
3%
1317DerickM142
3%
2266DevanM63
3%
1128DevynF216
3%
2298DevynM62
3%
1088DimitriM198
3%
1173DixieF205
3%
1567DiyaF135
3%
527DominickM561
3%
1059DominikM205
3%
1394DracoM132
3%
1235EasonM158
3%
2491EchoM55
3%
1669EchoF125
3%
740EdisonM346
3%
1527EdsonM117
3%
1518EilaF141
3%
1798ElanaF113
3%
1968ElanorF99
3%
1866EleanoreF108
3%
1370ElinorF168
3%
1412ElissaF159
3%
1203ElleryF199
3%
1192ElmerM167
3%
2046EloisaF94
3%
817ElyseF341
3%
1969ElysiaF99
3%
1304EmberleeF180
3%
598EmberlyF496
3%
1181EmberlynF202
3%
908EmberlynnF301
3%
520EmeliaF594
3%
1376EmeriF166
3%
1413EmileeF159
3%
995EmilianaF262
3%
880EmmalynF314
3%
1855EmrysM85
3%
2347EnocM60
3%
814EnochM303
3%
952ErenM237
3%
1126ErnestM186
3%
1318ErosM142
3%
1726ErvinM97
3%
1018EssenceF252
3%
1891EstefaniaF106
3%
723EstelleF403
3%
1977EstevanM77
3%
677EstrellaF428
3%
1016EttaF253
3%
1211EvalynF198
3%
1322EvalynnF177
3%
2109EvansM70
3%
832EverestM295
3%
2112EverestF90
3%
2357EverlynF78
3%
2282EverlynnF81
3%
1414EwanM129
3%
332EzequielM1012
3%
941EzrahM242
3%
2406FabioM58
3%
1732FatimahF119
3%
458FernandaF688
3%
1872FidelM84
3%
2128FilipM69
3%
2157FinniganM67
3%
595FinnleyM469
3%
1327FinnleyF176
3%
677FletcherM402
3%
2240FloydM64
3%
1036FosterM212
3%
1014FoxM218
3%
1395FredrickM132
3%
2348FultonM60
3%
1680GemaF124
3%
1504GenevaF144
3%
2349GenoM60
3%
1689GeorgianaF123
3%
1221GiannisM160
3%
1179GinoM172
3%
1293GiovaniM147
3%
1061GiuliaF239
3%
852GiulianaF327
3%
2332GoldyF79
3%
1006GraysenM220
3%
1259GreysenM154
3%
230GriffinM1530
3%
1054GuadalupeF240
3%
589GunnarM483
3%
387GunnerM817
3%
1434GuyM126
3%
1902HaddieF105
3%
1857HadiM85
3%
854HadleeF325
3%
965HadleighF274
3%
1733HafsaF119
3%
471HaisleyF671
3%
1119HakeemM188
3%
2047HalimaF94
3%
603HamzaM466
3%
2461HaniyaF73
3%
725HarlanM357
3%
1097HarleighF226
3%
831HarmoniF335
3%
2060HarmonieF93
3%
1950HaroonM79
3%
2401HavanaF76
3%
1992HendersonM76
3%
272HendrixM1261
3%
737HenleyF392
3%
1749HenleyM95
3%
926HenrikM248
3%
2142HeroM68
3%
1657HiramM103
3%
1037HollisM212
3%
1629HollisF129
3%
1898HoltM82
3%
1396HuckM132
3%
609HuxleyM457
3%
419IbrahimM762
3%
953IgnacioM237
3%
385IkerM830
3%
1648IlanM104
3%
2207IlanaF85
3%
870IlianaF317
3%
2486IlyF72
3%
996ImranM223
3%
966InayaF273
3%
1037IndyF245
3%
2111IndyM70
3%
1457IrelandF151
3%
1495IsadoraF145
3%
1350IshaF172
3%
857IshaanM280
3%
1908IshanM81
3%
1734IshmaelM96
3%
1349IsiahM138
3%
2423ItaliaF75
3%
1814ItalyF112
3%
569IvannaF526
3%
2190IverM66
3%
2114IvieF90
3%
1952IzabelF101
3%
379IzabellaF819
3%
1840JacobiM87
3%
1214JacobyM162
3%
1462JadonM123
3%
2210JahlilM65
3%
1620JamarM107
3%
1880JamilaF107
3%
1465JanieF150
3%
2061JannatF93
3%
1873JaquanM84
3%
1951JaronM79
3%
1814JarvisM89
3%
2323JavianM61
3%
1169JavonM174
3%
983JaxxM227
3%
1909JaycobM81
3%
2212JaydanM65
3%
937JaylahF288
3%
1377JaylinM135
3%
1055JaylinF240
3%
1463JaylonM123
3%
2505JayneF71
3%
516JazlynF596
3%
688JazminF423
3%
863JazmineF319
3%
2078JedM72
3%
1273JensonM151
3%
1230JetM159
3%
210JettM1765
3%
2360JianaF78
3%
856JiannaF323
3%
493JimenaF636
3%
1736JoaoM96
3%
789JolieF357
3%
1505JonathonM120
3%
1323JoselynF177
3%
1544JovanM115
3%
1189JoviF201
3%
1727JoviM97
3%
1601JruM109
3%
904JrueM254
3%
2495JuancarlosM55
3%
1190JubileeF201
3%
657JulienM415
3%
441JulietaF711
3%
771JuniorM325
3%
1048KaceM209
3%
1853KahlilM86
3%
1015KaileyF254
3%
1688KainM101
3%
1176KaineM173
3%
751KaiserM339
3%
999KalelM222
3%
1911KalenM81
3%
2403KaleyF76
3%
250KaliF1220
3%
911KallieF299
3%
2006KalliopeF97
3%
882KamariF314
3%
368KamariM877
3%
1062KamdynM205
3%
212KamilaF1379
3%
673KareemM404
3%
2223KarliF84
3%
1550KarlieF137
3%
1352KarmaF172
3%
339KarsonM977
3%
1032KarsynM213
3%
608KarsynF488
3%
862KaseM278
3%
478KasonM644
3%
1265KassandraF188
3%
774KataleyaF365
3%
2508KayleyF71
3%
1165KaylieF206
3%
2224KeelyF84
3%
152KehlaniF1865
3%
2290KeilaF81
3%
1826KellerM88
3%
1655KelsieF127
3%
1190KenanM168
3%
1521KenleyF141
3%
1384KenyaF165
3%
504KenzoM592
3%
899KeylaF309
3%
959KhalidM235
3%
364KillianM899
3%
1038KimoraF245
3%
1442KipM125
3%
1635KiyanM105
3%
1578KlaraF134
3%
1092KnowledgeM197
3%
200KnoxM1891
3%
2017KobiM75
3%
2383KobiF77
3%
1912KobyM81
3%
1140KodiF213
3%
1352KodiM138
3%
1108KodyM192
3%
1025KoleM215
3%
942KorbinM242
3%
954KristianM237
3%
866KyeM277
3%
514KylanM573
3%
1179KyleighF203
3%
436KyloM707
3%
1002KynleeF259
3%
674KyreeM403
3%
762KyroM330
3%
1571KysenM112
3%
481KysonM640
3%
746LachlanM343
3%
2327LaineM61
3%
1448LaineF153
3%
174LaineyF1689
3%
1274LakenM151
3%
1410LakenF160
3%
1306LamarM144
3%
1914LamontM81
3%
1738LaneF119
3%
260LaneM1331
3%
705LaneyF415
3%
796LangstonM314
3%
2062LanieF93
3%
1453LaramieF152
3%
1266LavenderF188
3%
409LawsonM781
3%
2248LayaF83
3%
920LaylahF292
3%
947LaylaniF284
3%
1896LaynaF106
3%
2363LaytonF78
3%
637LaytonM433
3%
1602LeanderM109
3%
546LeandroM539
3%
1316LeelaF178
3%
2053LeenF94
3%
1184LeenaF202
3%
132LegendM2879
3%
2059LemuelM73
3%
1532LeniF139
3%
1955LennaF101
3%
668LennonM406
3%
229LennonF1309
3%
613LennoxF483
3%
248LennoxM1417
3%
1480LennyM122
3%
422LeonidasM755
3%
2470LeonoraF73
3%
1301LeslyF181
3%
1692LeticiaF123
3%
1166LettieF206
3%
1785LevyM91
3%
593LeylaF500
3%
2193LeytonM66
3%
1633LidiaF129
3%
914LilyanaF297
3%
1760LindsayF117
3%
2174LindyF87
3%
1861LisandroM85
3%
1706LloydM99
3%
1252LondynnF191
3%
1862LonnieM85
3%
816LorettaF342
3%
2228LourdesF84
3%
2054LovelyF94
3%
2276LucahM63
3%
2229LuciannaF84
3%
1537LucioM116
3%
2419LuckyM58
3%
996LuellaF262
3%
1917LukahM81
3%
2139LumiF89
3%
2217LyanM65
3%
1057LyleM206
3%
2168LyonM67
3%
497LyraF630
3%
999MadalynF261
3%
1234MadalynnF194
3%
566MadilynnF530
3%
1870MadissonF108
3%
1818MadysonF112
3%
1364MaelynF169
3%
151MagnoliaF1869
3%
780MagnusM322
3%
1428MaiteF157
3%
441MajorM701
3%
511MakenzieF610
3%
1597MalakF132
3%
231MalakaiM1519
3%
609MalaysiaF487
3%
1286MalikaiM148
3%
2104MalinaF91
3%
1980ManoloM77
3%
2231ManuelaF84
3%
1782MarcelaF115
3%
675MarcelineF429
3%
760MarcellusM331
3%
500MarenF625
3%
1223MariellaF196
3%
2304MarkoM62
3%
1480MarlieF148
3%
1664MarlowF126
3%
2366MartaF78
3%
612MarvinM453
3%
432MaryamF720
3%
1001MassimoM222
3%
1117MatheoM189
3%
1262MattiasM153
3%
647MauricioM424
3%
268MaximilianoM1274
3%
661MaximoM412
3%
614MaxineF481
3%
964MaxtonM233
3%
2343MaylaF79
3%
1208MaysonM164
3%
1848MckaylaF110
3%
654MckinleyF449
3%
623MelanyF473
3%
830MelvinM296
3%
1074MerrickM202
3%
2513MiabellaF71
3%
1307MichealM144
3%
616MikaylaF480
3%
2251MinervaF83
3%
2406MirabellaF76
3%
2140MirabelleF89
3%
1907MishaF105
3%
1277MiyaF187
3%
555MohammadM536
3%
578MoisesM505
3%
544MonroeF563
3%
1546MonroeM115
3%
1237MonteM158
3%
2496MoonF72
3%
1324MoriahF177
3%
716MusaM365
3%
873MustafaM274
3%
1278MyahF187
3%
2431MykaF75
3%
652MyloM421
3%
1938NaimM80
3%
2154NaimaF88
3%
375NasirM856
3%
954NathaliaF281
3%
1041NathalieF244
3%
777NathanaelM323
3%
1429NaviF157
3%
1993NavyaF98
3%
583NikolaiM487
3%
2068NiyaF93
3%
1787NoamM91
3%
697NovahF419
3%
928NyomiF290
3%
2252NyxF83
3%
1342OctavioM139
3%
1691OdenM101
3%
2422OlivierM58
3%
2095OmerM71
3%
355OnyxM916
3%
1359OnyxF170
3%
2293OonaF81
3%
2361OrrinM60
3%
977OsirisM229
3%
2500OswaldM55
3%
613OtisM452
3%
984PaolaF268
3%
2225PatricioM65
3%
1434PepperF156
3%
570PierceM517
3%
1466PiersonM123
3%
2281PranavM63
3%
1882PresleeF107
3%
1435PrishaF156
3%
1708QuintenM99
3%
1490RafeM121
3%
1828RagnarM88
3%
929RainaF290
3%
1395RaineF164
3%
2248RaleighM64
3%
1748RaleighF118
3%
1121RamiroM188
3%
1440RangerM126
3%
1516RaviM119
3%
626RayanM444
3%
1898RaylaF106
3%
1125RayleeF217
3%
414ReedM773
3%
2334ReefM61
3%
244RemingtonM1438
3%
399RemingtonF779
3%
858ReubenM280
3%
579ReynaF514
3%
922RhodesM249
3%
1641RicoM105
3%
532RidgeM558
3%
1050RishiM209
3%
1940RiversM80
3%
1540RoanM116
3%
888RockyM264
3%
1354RodolfoM138
3%
529RodrigoM559
3%
1212RolandoM163
3%
656RominaF448
3%
2105RooneyF91
3%
958RosaleeF278
3%
595RosaliaF499
3%
1665RosalynnF126
3%
2346RosannaF79
3%
824RoselynF338
3%
1437RoselynnF156
3%
417RoyceM770
3%
1355RushM138
3%
975RyannF272
3%
2453RydenM57
3%
2335RyeM61
3%
669RylandM406
3%
2067RyuM73
3%
2192SadeF86
3%
1807SahanaF113
3%
1607SaharaF131
3%
361SaintM907
3%
708SalvadorM371
3%
880SalvatoreM269
3%
2349SamayaF79
3%
2388SamirahF77
3%
2023SamiyaF96
3%
1491SamiyahF146
3%
2502SanthiagoM55
3%
428SaraiF733
3%
1101ScoutM194
3%
693ScoutF421
3%
1322SeamusM142
3%
364SelahF865
3%
2295SevenF81
3%
754SevenM336
3%
1535ShaylaF139
3%
594ShelbyF500
3%
1308ShiaM144
3%
1830ShivM88
3%
1666ShylaF126
3%
1297SimeonM146
3%
544SincereM542
3%
1428SlaterM127
3%
2125SoraF90
3%
1983SoraM77
3%
1051SorayaF241
3%
2310SoulM62
3%
1764StellanM94
3%
238StetsonM1460
3%
1636StormF129
3%
1518StormM119
3%
818StormiF341
3%
2107StormieF91
3%
1708SundayF122
3%
1978SusanaF99
3%
1328SyedM141
3%
2157TaliahF88
3%
931TalonM245
3%
1931TamiaF103
3%
1665TamirM103
3%
1368TariqM136
3%
2353TaylaF79
3%
2179TerraF87
3%
1158TerranceM177
3%
807ThaddeusM308
3%
965ThatcherM233
3%
2238TheadoraF84
3%
106ThiagoM3459
3%
2089TiannaF92
3%
2286TiberiusM63
3%
1522TinleyF141
3%
2392TobinM59
3%
2455TrayvonM57
3%
761TreasureF375
3%
1653TrevonM104
3%
1116TrueM190
3%
1180TrueF203
3%
1181TurnerM172
3%
1188TylanM169
3%
1454TyreeM124
3%
1007UlisesM220
3%
851VadaF328
3%
802ValeryF349
3%
1028VeerM215
3%
900VihaanM257
3%
2504VikramM55
3%
1943VirgilM80
3%
1833VivianneF111
3%
2198VonM66
3%
966WallaceM233
3%
1429WarnerM127
3%
719WestleyM363
3%
2288WhitleyM63
3%
886WhitleyF314
3%
1160WileyM177
3%
2025WisdomM75
3%
1831WoodrowM88
3%
284WrenleyF1114
3%
1381YaelF166
3%
993YaelM224
3%
2338YanisM61
3%
571YaraF522
3%
2199YashM66
3%
1784YeseniaF115
3%
1711YohanM99
3%
666YosefM407
3%
906YousefM254
3%
1883ZacariM84
3%
1834ZadeM88
3%
1581ZainaF134
3%
917ZainabF297
3%
495ZaireM608
3%
2521ZamaraF71
3%
1225ZarahF196
3%
1750ZariF118
3%
186ZaydenM2010
3%
1900ZelieF106
3%
683ZendayaF427
3%
2430ZenithM58
3%
1105ZephyrM193
3%
1215ZoieF198
3%
1029ZolaF248
3%
846ZoraF330
3%
1510ZyaF143
3%
733ZyairM352
3%
371ZyaireM867
3%
981AadhyaF268
0%
2457AadvikM56
0%
1945AadyaF101
0%
1497AamirM120
0%
1259AanyaF189
0%
1590AarivM110
0%
1574AarizM111
0%
1194AarnaF200
0%
1135AaryaF213
0%
1654AaryanM103
0%
1582AashviF133
0%
1809AavyaF112
0%
1217AayanM161
0%
2369AayanshM59
0%
2412AaylaF75
0%
2177AbbasM66
0%
788AbdielM319
0%
2396AbdirahmanM58
0%
2200AbdullahiM65
0%
1904AbdulrahmanM81
0%
1113AbnerM190
0%
1961AbriellaF99
0%
1752AbrielleF117
0%
1145AbrilF211
0%
2458AbubakrM56
0%
2160AcelynnF87
0%
1118AchillesM188
0%
2090AdahF91
0%
1981AdaiaF98
0%
673AdaleeF430
0%
1921AdaleighF103
0%
1810AdaliaF112
0%
1511AdalieF142
0%
1516AdaraF141
0%
1552AddalynF136
0%
1675AddalynnF124
0%
1743AddelynF118
0%
573AddilynF519
0%
944AddilynnF285
0%
2390AdelaidaF76
0%
1584AdharaF133
0%
1316AdielM142
0%
1423AdileneF157
0%
1424AdiraF157
0%
2161AditiF87
0%
2002AdityaM75
0%
2455AdleeF73
0%
649AdleyF452
0%
1575AdnanM111
0%
2083AdonaiM71
0%
1598AdoreF131
0%
138AdrielM2684
0%
2026AdvaithM74
0%
1741AdvikM95
0%
2477AerithF72
0%
2370AeroM59
0%
1303AgastyaM144
0%
2122AhaanM69
0%
2300AhanaF80
0%
1835AharonM87
0%
1726AhlaniF119
0%
1894AhmariM82
0%
870AhmirM275
0%
2341AhronM60
0%
2459AhsanM56
0%
2372AhuvaF77
0%
1847AidynM86
0%
464AilaniF679
0%
1052AilanyF240
0%
1295AilynF182
0%
991AinhoaF265
0%
1157AislinnF209
0%
2181AislynnF86
0%
2027AiylaF95
0%
1500AizaF144
0%
1054AizenM206
0%
1668AjaniM102
0%
1805AkaiM89
0%
2439AkariF74
0%
2100AkariM70
0%
1554AkivaM113
0%
2178AkramM66
0%
1472AkselM122
0%
2240AksharaF83
0%
2456AlahniF73
0%
1962AlaiahF99
0%
964AlaiyaF274
0%
1368AlaiyahF168
0%
1924AlakaiM80
0%
173AlaniF1692
0%
1861AlanisF108
0%
1997AlanniF97
0%
915AlaricM250
0%
366AlayahF863
0%
1744AlaysiaF118
0%
627AldenM443
0%
651AleenaF451
0%
1099AleiaF225
0%
2413AleidaF75
0%
2326AletheaF79
0%
2123AlexandroM69
0%
1498AlexzanderM120
0%
1649AleyahF127
0%
1220AleynaF196
0%
1117AliahF219
0%
951AliannaF282
0%
1968AliasM77
0%
469AlijahM650
0%
760AlissonF375
0%
1336AlisterM139
0%
2373AlitzelF77
0%
2241AliyanaF83
0%
752AlizaF381
0%
2010AlizahF96
0%
2043AllisterM73
0%
509AlondraF615
0%
470AlonzoM650
0%
2479AlphonseM55
0%
794AlvaroM316
0%
1502AlyaF144
0%
2108AlyanaF90
0%
2011AlynaF96
0%
1451AlyviaF152
0%
2478AlyzaF72
0%
1944AmadeoM79
0%
2101AmadeusM70
0%
1202AmadoM165
0%
626AmaiaF470
0%
1774AmairaF115
0%
1462AmarahF150
0%
1576AmareM111
0%
1660AmariaF126
0%
1661AmariahF126
0%
2301AmarieF80
0%
2316AmariiM61
0%
1645AmarionM104
0%
1577AmarisM111
0%
909AmarisF300
0%
1723AmauriM97
0%
701AmayahF416
0%
720AmbroseM361
0%
2371AmeenM59
0%
2276AmeenaF81
0%
902AmeerM254
0%
1339AmeeraF174
0%
1720AmeerahF120
0%
2431AmenM57
0%
1753AmerieF117
0%
1070AmethystF233
0%
1198AmiahF200
0%
805AmiasM308
0%
1547AmiliaF137
0%
2393AmiracleF76
0%
876AmiriF315
0%
521AmiriM565
0%
1519AmmarM118
0%
2394AmorahF76
0%
1676AmyaF124
0%
2395AmyahF76
0%
1067AmyraF236
0%
565AnahiF533
0%
1517AnaiahF141
0%
2327AnaleahF79
0%
2479AnaliahF72
0%
2037AnaliseF94
0%
2073AnaliyahF92
0%
1425AnayahF157
0%
2092AnayeliF91
0%
1987AndreiM76
0%
2038AndromedaF94
0%
1836AngelyF110
0%
2480AnistonF72
0%
2145AnjaliF88
0%
1227AnnaleeF195
0%
1850AnnaleighF109
0%
2094AnnaliaF91
0%
2259AnnalieseF82
0%
2414AnnalisaF75
0%
2039AnnelieseF94
0%
1537AnneliseF138
0%
2396AnnistynF76
0%
1304AnselM144
0%
1742AnshM95
0%
1242AnsonM157
0%
1528AnylaF139
0%
2095AnylahF91
0%
903AraceliF305
0%
1523AracelyF140
0%
1988AramM76
0%
1254AranzaF190
0%
895ArayaF309
0%
1935ArayahF102
0%
1529AreliF139
0%
1163ArelyF206
0%
482AresM639
0%
1219ArhamM160
0%
1160AriadneF207
0%
460AriahF683
0%
2328ArianellyF79
0%
2012AriannyF96
0%
2329AribellaF79
0%
2432ArionM57
0%
1074ArisbethF232
0%
2480AriusM55
0%
538AriyaF569
0%
369AriyahF854
0%
1146ArizbethF211
0%
1863ArizonaF108
0%
2104ArjanM70
0%
1766ArleneF116
0%
741ArletF390
0%
634ArlethF462
0%
1795ArlettF113
0%
800ArletteF350
0%
2152ArleyM67
0%
1712ArmaanM98
0%
1744ArmoniM95
0%
1864ArmoniF108
0%
2373ArsalanM59
0%
1692ArtistM100
0%
1895ArvinM82
0%
2242ArwaF83
0%
1340ArwenF174
0%
1442AryahF154
0%
1369AryehM135
0%
2004AsaadM75
0%
1820AsadM88
0%
2460AsaelM56
0%
994AsaiahM223
0%
1767AshantiF116
0%
1555AsiahM113
0%
2290AsielM62
0%
2434AsimM57
0%
1418AsiyaF158
0%
2303AsiyahF80
0%
1362AslanM136
0%
809AspynF344
0%
2261AthanM63
0%
995AtharvM223
0%
2139AtharvaM68
0%
2481AtomM55
0%
582AtreusM487
0%
1406AtreyuM130
0%
1754AudrinaF117
0%
986AurelioM226
0%
1407AureliusM130
0%
2124AustenM69
0%
1884AustynM83
0%
1030AustynF247
0%
941AvahF286
0%
2278AvaleeF81
0%
2040AvaleighF94
0%
1610AvalonF130
0%
1426AvayaF157
0%
868AvayahF317
0%
2179AvettM66
0%
2005AvielM75
0%
1401AvionM131
0%
1696AvivaF122
0%
1133AvrahamM184
0%
1807AvrohomM89
0%
831AvyaanM295
0%
1713AvyanM98
0%
1131AvyannaF214
0%
867AxlM276
0%
1424AxleM127
0%
560AyaanM526
0%
1045AyahF243
0%
1745AyanshM95
0%
1766AyceM93
0%
2262AycenM63
0%
1354AyeshaF171
0%
1289AylahF183
0%
2482AylanM55
0%
1187AylaniF201
0%
835AyleenF334
0%
1964AylenF99
0%
431AylinF725
0%
1289AymanM147
0%
1036AyraF245
0%
2263AyubM63
0%
1586AyvaF133
0%
2146AyvahF88
0%
1792AyvenM90
0%
2075AyzalF92
0%
1836AzaanM87
0%
849AzaelM285
0%
1136AzaiM183
0%
1100AzaiahM194
0%
2215AzaliaF84
0%
1407AzariF161
0%
1753AzariM94
0%
845AzariaF330
0%
619AzariahF476
0%
641AzariahM427
0%
2041AzenethF94
0%
1754AziahM94
0%
2200AziyahF85
0%
1371AzlanM135
0%
732AzraelM353
0%
734AzrielM350
0%
1271AzulF187
0%
2109AzulaF90
0%
2397AzuraF76
0%
2098AzuriF91
0%
1611BailaF130
0%
2483BakariM55
0%
404BanksM785
0%
2201BanksF85
0%
2292BanxM62
0%
2153BaruchM67
0%
1837BasilM87
0%
2043BatshevaF94
0%
1652BayleighF127
0%
2318BaylenM61
0%
767BearM326
0%
1971BeaudenM77
0%
1041BeauxM210
0%
717BellamyF406
0%
628BellamyM441
0%
1408BenaiahM130
0%
763BenicioM328
0%
2400BennieM58
0%
1196BentleeM166
0%
897BexleyF309
0%
1197BilalM166
0%
803BirdieF348
0%
1024BishopM215
0%
776BjornM323
0%
1937BlakeleeF102
0%
1524BlaykeF140
0%
1467BlessynF149
0%
2319BleuM61
0%
2028BlytheF95
0%
1012BoazM218
0%
2044BohdiM73
0%
1888BrachaF106
0%
1896BraidenM82
0%
2401BranchM58
0%
2234BrandtM64
0%
1003BransonM221
0%
1945BrantleeM79
0%
1746BraulioM95
0%
2203BravenM65
0%
1421BraxtynM128
0%
1121BrayleeF218
0%
1599BrayleighF131
0%
1774BraylinM92
0%
2458BraylynnF73
0%
1542BraysonM115
0%
2204BreckM65
0%
919BreckenM249
0%
1972BrendenM77
0%
1885BrentonM83
0%
1521BrextonM118
0%
2125BriceM69
0%
386BriggsM818
0%
2264BrighamM63
0%
1494BrileyF145
0%
1349BrinleeF172
0%
2374BrinleighF77
0%
451BrinleyF695
0%
1697BrisaF122
0%
607BrixtonM460
0%
2126BroderickM69
0%
1137BronxM183
0%
2140BryarM68
0%
721BrycenM360
0%
1685BryerM101
0%
945BryleeF285
0%
1332BryleighF175
0%
1837BrynnleeF110
0%
1947BrynnleighF101
0%
1441BrysenM125
0%
2127BuckleyM69
0%
2106CaelanM70
0%
2202CaeliF85
0%
2235CaelumM64
0%
438CaidenM704
0%
1926CaisonM80
0%
1277CaiusM150
0%
2500CalaniF71
0%
1821CalderM88
0%
2435CalianM57
0%
1787CalistaF114
0%
2293CalixM62
0%
2279CaliyahF81
0%
458CallenM666
0%
2343CallowayM60
0%
1838CamariM87
0%
2029CambrieF95
0%
1927CamronM80
0%
957CanaanM235
0%
1269CanyonM151
0%
1419CarleeF158
0%
1923CarleighF103
0%
2203CarleyF85
0%
1614CarmelaF130
0%
1270CarmineM151
0%
976CartierM229
0%
790CasenM317
0%
2402CasimirM58
0%
723CaspianM359
0%
933CassianM244
0%
824CastielM299
0%
1755CattleyaF117
0%
1463CayleeF150
0%
2260CedarF82
0%
1130CedarM185
0%
2045ChaceM73
0%
624ChaimM445
0%
2155ChampionM67
0%
811ChanaF344
0%
2164ChanningF87
0%
1557ChanningM113
0%
2183CharlizeF86
0%
1464ChavaF150
0%
602ChayaF494
0%
2028ChayceM74
0%
2330ChesneyF79
0%
1566ChevelleF135
0%
2375CheyanneF77
0%
898ChosenM257
0%
2442ChosenF74
0%
1488ChozenM121
0%
1373CianM135
0%
2443CiannaF74
0%
1886CiaranM83
0%
998CieloF261
0%
1913CiennaF104
0%
1711CirillaF121
0%
2436CiroM57
0%
2165CitlaliF87
0%
1939ClairaF102
0%
2205CoastM65
0%
951ColesonM237
0%
2416ColletteF75
0%
2487CollinsM55
0%
247CollinsF1230
0%
2130CollynsF89
0%
1839ColsenM87
0%
920ColtenM249
0%
2294ConleyM62
0%
1928ConwayM80
0%
2344CopelandM60
0%
1849CordellM86
0%
1264CormacM152
0%
1655CortezM103
0%
1700CosmoM99
0%
2306CoveF80
0%
1392CoveM132
0%
1500CoyM120
0%
2107CristoferM70
0%
1020CrosbyM216
0%
1747CypressM95
0%
2438DaelM57
0%
1929DaemonM80
0%
1687DaenerysF123
0%
1411DafneF159
0%
2099DailaF91
0%
1875DailynF107
0%
786DakariM320
0%
1907DakodaM81
0%
1239DalaryF193
0%
1713DalettF121
0%
1678DalilaF124
0%
1152DalilahF210
0%
2206DamaniM65
0%
1946DamarionM79
0%
1503DamarisF144
0%
2046DamoniM73
0%
1889DanaeF106
0%
2489DandreM55
0%
1059DaniaF239
0%
1797DanikaF113
0%
1058DaniloM205
0%
2184DanniF86
0%
1285DarianaF184
0%
1502DarienM120
0%
1782DashiellM91
0%
967DavianM232
0%
1055DavionM206
0%
1608DavonM108
0%
2204DawsynF85
0%
2141DaxonM68
0%
547DayanaF560
0%
1985DayannaF98
0%
2185DaylaF86
0%
2010DaylanM75
0%
1153DaylenM178
0%
1594DaylinF132
0%
2490DaylinM55
0%
2029DaylonM74
0%
1089DaytonM197
0%
2345DayvonM60
0%
515DeaconM570
0%
1321DebanhiF177
0%
1013DeckerM218
0%
1783DeeganM91
0%
1693DeionM100
0%
1393DeklanM132
0%
1679DelaniF124
0%
1688DelanieF123
0%
2459DelanyF73
0%
2078DelylahF92
0%
1808DemarcusM89
0%
1278DemariM150
0%
2182DemianM66
0%
1375DemirM135
0%
2044DenaliF94
0%
1265DenimM152
0%
2399DenimF76
0%
1714DenisseF121
0%
1220DeonM160
0%
2296DeonteM62
0%
1071DereckM202
0%
2439DeshaunM57
0%
1412DeshawnM129
0%
2030DestineeF95
0%
2297DevanshM62
0%
1593DevonteM110
0%
2376DevoraF77
0%
1865DevorahF108
0%
1618DezmondM107
0%
1078DhruvM201
0%
818DilanM302
0%
2346DillanM60
0%
2085DineroM71
0%
1686DivineM101
0%
1769DivineF116
0%
2074DomenicM72
0%
2207DomenicoM65
0%
1793DomingoM90
0%
1947DonteM79
0%
1627DottieF129
0%
1244DovidM157
0%
1203DravenM165
0%
2237DraydenM64
0%
1601DuaF131
0%
2108DuaneM70
0%
784DulceF360
0%
835DuttonM291
0%
2440DwightM57
0%
1672EamonM102
0%
1432EanM126
0%
1974EastynM77
0%
1634EderM105
0%
1975EdmondM77
0%
2183EdricM66
0%
2086EesaM71
0%
2238EfraimM64
0%
1305EfrainM144
0%
2156EfrenM67
0%
961EgyptF276
0%
1870EgyptM84
0%
1290EhlaniF183
0%
1473EidenM122
0%
2375EiderM59
0%
1924EimyF103
0%
2307EiraF80
0%
1662EisleyF126
0%
1310EitanM143
0%
500EithanM603
0%
1731EizaF119
0%
2030ElamM74
0%
1129ElaniF216
0%
1341ElaraF174
0%
1177ElaynaF204
0%
2208EldonM65
0%
1145EleazarM180
0%
1283EleniF185
0%
1724EliabM97
0%
672EliamM404
0%
2147EliannyF88
0%
2132ElianyF89
0%
810ElielM306
0%
1432ElietteF156
0%
1064EliezerM204
0%
1890ElifF106
0%
2059ElioraF93
0%
685EliseoM392
0%
2308ElishevaF80
0%
1382EliyahuM134
0%
1452EliyanahF152
0%
2417EllamaeF75
0%
1959EllietteF100
0%
2015EllowynF96
0%
2205EllyanaF85
0%
515EloraF602
0%
1072ElouiseF233
0%
1147ElowenF211
0%
877ElowynF315
0%
1799ElsyF113
0%
1948EltonM79
0%
1725ElvinM97
0%
1596ElyanaF132
0%
2378ElyannaF77
0%
1413ElyasM129
0%
2320ElyjahM61
0%
1031EmaniF247
0%
2309EmarieF80
0%
1950EmberleighF101
0%
446EmelyF701
0%
588EmerieF508
0%
616EmirM449
0%
1951EmmaleeF101
0%
1260EmmalynnF189
0%
1476EmmarieF148
0%
2444EmmersonF74
0%
2148EmmersynF88
0%
2376EmmitM59
0%
599EmmittM467
0%
2079EmoniF92
0%
1574EmoriF134
0%
1770EmpressF116
0%
2100EmrieF91
0%
2206EmrynF85
0%
1266EnderM152
0%
828EnsleyF336
0%
2492EoinM55
0%
2016EowynF96
0%
1091EphraimM197
0%
1615ErisF130
0%
893ErmiasM260
0%
869ErnestoM276
0%
1850EsaiM86
0%
1976EsdrasM77
0%
1357EsmaeF170
0%
2460EsmerayF73
0%
1011EsperanzaF255
0%
2441EssaM57
0%
1771EstefanyF116
0%
1587EstelaF133
0%
1824EuniceF111
0%
1839EvalinaF110
0%
1335EvalunaF175
0%
2418EvanaF75
0%
823EvanderM300
0%
1990EverardoM76
0%
1426EveretteM127
0%
2321EverhettM61
0%
1078EverleyF232
0%
2404EversonM58
0%
2049EvianM73
0%
1599EvrenM109
0%
2239EyadM64
0%
1871EydanM84
0%
2050EydenM73
0%
2405EythanM58
0%
2185EziahM66
0%
1528EzioM117
0%
2503EzriF71
0%
2031EzrielM74
0%
1363FaigyF169
0%
2322FarhanM61
0%
1523FarisM118
0%
2017FatoumataF96
0%
2011FenixM75
0%
2186FinanM66
0%
2504FinleeF71
0%
2187FinnanM66
0%
1475FinnianM122
0%
1292FinnickM147
0%
2077FischerM72
0%
2051FitzgeraldM73
0%
1962FredyM78
0%
633FreyjaF463
0%
1534FynnM116
0%
1127GadielM186
0%
649GageM422
0%
731GalileaF396
0%
1311GannonM143
0%
724GatlinM357
0%
1978GavrielM77
0%
2241GenaroM64
0%
1777GentryF115
0%
1347GentryM138
0%
1809GeovanniM89
0%
1616GeraldineF130
0%
1449GermanM124
0%
1756GersonM94
0%
2268GhaithM63
0%
1308GiadaF179
0%
1204GiancarloM165
0%
1056GianlucaM206
0%
1050GiavannaF241
0%
1733GibsonM96
0%
1511GilbertoM119
0%
1627GionniM106
0%
1856GiorgioM85
0%
1851GiovannyM86
0%
2052GiovonniM73
0%
1617GisselleF130
0%
1468GittyF149
0%
1701GiuseppeM99
0%
1551GonzaloM114
0%
2013GracenM75
0%
1925GracielaF103
0%
2379GracynF77
0%
1061GrangerM205
0%
2463GraydenM56
0%
1443GreciaF154
0%
2166GreerF87
0%
2407GregorioM58
0%
1775GryffinM92
0%
1991GurbaazM76
0%
2167GwenivereF87
0%
1469GwynethF149
0%
1960HadassaF100
0%
615HadassahF480
0%
1768HagenM93
0%
2188HaiderM66
0%
2380HaisleeF77
0%
2333HaisleighF79
0%
1723HaizleyF120
0%
2158HaloM67
0%
769HaloF369
0%
1841HalstonF110
0%
1949HalstonM79
0%
1512HanselM119
0%
2419HarborF75
0%
1810HardinM89
0%
2299HardyM62
0%
2464HarlandM56
0%
955HarlemM236
0%
1641HarlemF128
0%
2377HarlenM59
0%
1812HarlieF112
0%
2264HarloweF82
0%
1575HarlynF134
0%
2113HarlynnF90
0%
1842HartleyF110
0%
2269HarunM63
0%
1252HasanM155
0%
2420HavynF75
0%
1926HawaF103
0%
2465HawkinsM56
0%
1927HayaF103
0%
2334HaylenF79
0%
2310HayvenF80
0%
2160HazenM67
0%
1503HazielM120
0%
2483HazleyF72
0%
1200HeavenlyF200
0%
1878HeidyF107
0%
2149HellenF88
0%
2088HendrickM71
0%
2189HendrikM66
0%
1811HendrixxM89
0%
1538HensleyF138
0%
1963HernanM78
0%
2089HershyM71
0%
2378HestonM59
0%
586HezekiahM484
0%
2462HibaF73
0%
2150HindyF88
0%
2161HiroM67
0%
1487HollynF146
0%
2421HonestiF75
0%
1212HonestyF198
0%
1543HonorM115
0%
1734HonorF119
0%
2284HosannaF81
0%
2242HoseaM64
0%
1852HoytM86
0%
2485HudaF72
0%
1931HudsynM80
0%
1796HumbertoM90
0%
2053HuntleyM73
0%
2265HuntleyF82
0%
1824HussainM88
0%
2494HuttonM55
0%
1253HuxtonM155
0%
2243HyrumM64
0%
2442IbraheemM57
0%
1858IgnatiusM85
0%
2002IleanaF97
0%
2335IllianaF79
0%
2487IlyanaF72
0%
1476IlyasM122
0%
503ImaniF621
0%
1254ImmanuelM155
0%
1346InaayaF173
0%
1488InaraF146
0%
2285InayahF81
0%
1826IqraF111
0%
2422IrelynnF75
0%
2048IrhaF94
0%
1654IrieF127
0%
2209IsaakM65
0%
1155IsaelM177
0%
454IsaiasM674
0%
1801IselaF113
0%
1812IsidroM89
0%
2244IsobelF83
0%
686IssacM391
0%
2112ItzaeM70
0%
855ItzayanaF325
0%
495ItzelF635
0%
997IvaanM223
0%
1504IvarM120
0%
1567IversonM112
0%
2135IvetteF89
0%
1291IveyF183
0%
2018IyanaF96
0%
1539IyannaF138
0%
679IylaF428
0%
2101IylahF91
0%
2271IzaacM63
0%
2090IzaakM71
0%
2049IzabelleF94
0%
1673IzaelM102
0%
539IzaiahM548
0%
1079IzanM201
0%
1813IzayahM89
0%
1859IzhaanM85
0%
2113IzraelM70
0%
1085JabariM199
0%
1193JacariM167
0%
2311JaceyF80
0%
2300JacielM62
0%
2188JaclynF86
0%
1650JacoboM104
0%
1879JacquelynF107
0%
878JadielM270
0%
2115JadoreF90
0%
1188JaelynF201
0%
1115JaelynnF220
0%
2244JahariM64
0%
2114JahazielM70
0%
1530JahirM117
0%
2379JahmariM59
0%
1069JahmirM203
0%
1415JahsehM129
0%
2272JahsiahM63
0%
1827JahzaraF111
0%
1568JahzielM112
0%
2266JaidaF82
0%
2408JaidynM58
0%
2447JailaniF74
0%
1779JailynF115
0%
2102JailyneF91
0%
1107JairM192
0%
1363JaireM136
0%
899JairoM257
0%
801JakaiM312
0%
709JakariM370
0%
2359JakaylaF78
0%
1797JakhariM90
0%
1086JakobeM199
0%
1180JakobiM172
0%
2409JakobyM58
0%
1273JalaniF187
0%
2402JalayaF76
0%
1444JalayahF154
0%
1855JaleahF109
0%
1735JaleelM96
0%
610JaliyahF486
0%
512JamariM577
0%
1535JamarionM116
0%
2245JamelM64
0%
534JamirM555
0%
1371JanaeF168
0%
1164JanessaF206
0%
2337JanethF79
0%
1690JaniyaF123
0%
893JaniyahF310
0%
2081JannahF92
0%
1953JanylaF101
0%
2410JarethM58
0%
1933JarrettM80
0%
1687JasaiM101
0%
468JasiahM653
0%
1140JasielM182
0%
1702JasirM99
0%
1881JaslynF107
0%
2301JavariM62
0%
1513JavionM119
0%
2466JavonteM56
0%
1184JaxenM170
0%
2246JaxsenM64
0%
2411JaxsynM58
0%
1042JaxtynM210
0%
744JaxxonM345
0%
2130JaxynM69
0%
2245JayaF83
0%
557JayceonM534
0%
2054JaydonM73
0%
2324JaylanM61
0%
763JaylaniF373
0%
1047JayleeF243
0%
607JayleenF488
0%
1218JayleneF197
0%
1554JaylynnF136
0%
2412JayvenM58
0%
1514JayvionM119
0%
2381JayvonM59
0%
2050JazelleF94
0%
2144JaziahM68
0%
412JazielM779
0%
1001JazlynnF259
0%
2051JazmynF94
0%
1396JazzlynF163
0%
808JedidiahM307
0%
1757JehilynF117
0%
1416JelaniM129
0%
2220JelaniF84
0%
709JenesisF413
0%
2286JenevieveF81
0%
1910JenningsM81
0%
917JeremiasM250
0%
1222JeriahM160
0%
930JerichoM245
0%
1260JermaineM154
0%
2413JeronimoM58
0%
2351JerseyM60
0%
1519JerseyF141
0%
1120JesiahM188
0%
1417JessiahM129
0%
1149JethroM179
0%
1694JetsonM100
0%
1247JettsonM156
0%
2033JeydenM74
0%
2302JezielM62
0%
1154JheneF210
0%
1609JhettM108
0%
2467JhonM56
0%
1874JibreelM84
0%
1383JiovanniM134
0%
791JiraiyaM317
0%
1031JirehM213
0%
1893JirehF106
0%
2169JiyaF87
0%
2170JohanaF87
0%
1798JohnathonM90
0%
1799JohnpaulM90
0%
2490JoieF72
0%
2116JoleeF90
0%
2221JoniF84
0%
2004JosefinaF97
0%
2082JosetteF92
0%
1082JosiasM201
0%
1691JoslynF123
0%
195JourneeF1508
0%
1343JourneiF174
0%
625JourniF471
0%
1414JournieF159
0%
1170JovaniM174
0%
879JovanniM269
0%
2164JovannyM67
0%
733JovieF395
0%
806JoziahM308
0%
2165JreamM67
0%
777JreamF364
0%
1569JuddM112
0%
1206JuelzM164
0%
2005JuliethF97
0%
956JulissaF279
0%
2339JuniaF79
0%
1397JurneeF163
0%
1350JustusM138
0%
971KabirM231
0%
1704KacenM99
0%
1072KaceyM202
0%
1183KaceyF202
0%
1700KaciF122
0%
2288KacieF81
0%
1658KadenceM103
0%
1336KadenceF175
0%
1674KaedenM102
0%
2273KaelM63
0%
1856KaelaniF109
0%
2362KaeliF78
0%
1525KaelynF140
0%
1549KaelynnF137
0%
2191KaesonM66
0%
1628KahariM106
0%
1000KahlaniF260
0%
1621KaidynM107
0%
223KailaniF1343
0%
1138KailanyF213
0%
2267KaileenF82
0%
1758KailoM94
0%
1422KailynF158
0%
1914KailynnF104
0%
2015KainoaM75
0%
1478KairaF148
0%
926KairiF290
0%
250KairoM1404
0%
2034KairosM74
0%
1006KaisleyF257
0%
508KaisonM583
0%
1769KaisynM93
0%
1875KaitoM84
0%
1156KaiusM177
0%
907KaiyaF303
0%
2166KaiyzenM67
0%
905KaizenM254
0%
1489KaizerM121
0%
1552KaladinM114
0%
374KalaniF840
0%
1682KalayahF124
0%
1392KaleaF164
0%
1281KaleahF186
0%
2506KaleiaF71
0%
2425KaleighF75
0%
1384KaleoM134
0%
1139KaliaF213
0%
1816KaliahF112
0%
1602KalinaF131
0%
604KaliyahF490
0%
2016KallanM75
0%
1331KallenM140
0%
2115KallumM70
0%
1397KalvinM132
0%
2491KamaniF72
0%
2340KamariaF79
0%
1594KamarionM110
0%
2171KamayaF87
0%
987KamilahF266
0%
1427KamillaF157
0%
1496KamilleF145
0%
1780KamiyaF115
0%
849KamiyahF329
0%
1161KamoraF207
0%
2468KamranM56
0%
2055KamrenM73
0%
1675KamronM102
0%
980KamrynM228
0%
531KamrynF583
0%
1934KanaanM80
0%
998KananM223
0%
2083KaniyahF92
0%
664KannonM409
0%
1894KaoriF106
0%
1526KapriF140
0%
1801KaramM90
0%
1309KarelyF179
0%
1828KarisF111
0%
2492KarissaF72
0%
1174KarleeF205
0%
2137KarleighF89
0%
2466KarleyF73
0%
2312KarlyF80
0%
1777KarmeloM92
0%
1701KarmenF122
0%
2289KarmynF81
0%
217KarterM1725
0%
889KarterF312
0%
912KartierM251
0%
2444KasaiM57
0%
531KasenM558
0%
1351KaseyM138
0%
1509KaseyF143
0%
2274KashmereM63
0%
1150KashmirM179
0%
380KashtonM845
0%
1717KashtynM98
0%
1452KassiusM124
0%
1854KasynM86
0%
2103KatiaF91
0%
2445KatoM57
0%
587KayceM484
0%
1299KayceeF181
0%
1312KaycenM143
0%
883KaydenceF314
0%
253KaylaniF1213
0%
1520KayleenF141
0%
2172KaylenF87
0%
1246KaylinF192
0%
1378KaylynnF166
0%
2352KayneM60
0%
1437KeaganM126
0%
2383KeandreM59
0%
592KeanuM478
0%
804KeatonM310
0%
1964KeelanM78
0%
1702KeeleyF122
0%
1458KeidyF151
0%
632KeilaniF464
0%
1556KeilanyF136
0%
967KeilyF273
0%
2145KekoaM68
0%
1393KelaniF164
0%
2467KelisF73
0%
851KellanM284
0%
826KellenM298
0%
910KelvinM252
0%
2414KemariM58
0%
1083KenaiM200
0%
1404KendrixM131
0%
919KeniaF293
0%
755KenjiM335
0%
2468KenleighF73
0%
560KennediF542
0%
2382KensleeF77
0%
612KensleyF485
0%
1759KentonM94
0%
1261KentrellM154
0%
1973KenzleeF99
0%
1737KenzleyF119
0%
1148KeonM180
0%
1652KeoniM104
0%
2084KerenF92
0%
1915KeylaniF104
0%
2247KeylinF83
0%
1887KeylorM83
0%
2056KeyonM73
0%
1132KeziahF214
0%
1120KhadijaF219
0%
1576KhadijahF134
0%
865KhaiM277
0%
884KhalaniF314
0%
1676KhaledM102
0%
662KhaleesiF444
0%
1644KhaliaF128
0%
1255KhamariM155
0%
799KhariM313
0%
1344KhariF174
0%
839KhazaM289
0%
2085KhelaniF92
0%
2325KhristianM61
0%
2498KhylanM55
0%
1210KhyreeM163
0%
2035KhyrieM74
0%
1595KhysonM110
0%
768KiaanM326
0%
1577KiannaF134
0%
2225KiariF84
0%
1224KilianM160
0%
2192KingstynM66
0%
2086KinleeF92
0%
1670KinseyF125
0%
806KinsleeF346
0%
1191KinsleighF201
0%
1988KinzleeF98
0%
1440KinzleyF155
0%
2353KiptonM60
0%
1622KiranM107
0%
1240KiyomiF193
0%
2509KlaniF71
0%
1677KlaytonM102
0%
2510KloverF71
0%
2057KnightM73
0%
2354KnoxxM60
0%
1296KoahM146
0%
2511KodaF71
0%
471KodaM649
0%
1802KoeM90
0%
812KoenM305
0%
476KohenM645
0%
2275KoiM63
0%
2214KolbeM65
0%
1245KolbyM157
0%
1603KollinsF131
0%
1122KollynsF218
0%
882KolsonM267
0%
1030KoltM214
0%
1163KoltenM175
0%
1338KolterM139
0%
507KoltonM584
0%
1860KonnerM85
0%
1737KonnorM96
0%
2215KonradM65
0%
984KooperM227
0%
2146KorbenM68
0%
1215KorbynM162
0%
1155KorraF210
0%
2303KoryM62
0%
1935KotaM80
0%
1750KoveM95
0%
2058KreeM73
0%
1364KreedM136
0%
625KrewM444
0%
1256KrishM155
0%
2313KrishaF80
0%
1464KrishivM123
0%
1098KrossM195
0%
1899KruM82
0%
1171KrueM174
0%
1095KruzM196
0%
1895KrystalF106
0%
1300KyaF181
0%
2493KyahF72
0%
2079KyairM72
0%
1164KyaireM175
0%
2326KyanM61
0%
1888KydenM83
0%
1671KylahF125
0%
2147KylandM68
0%
2449KylaniF74
0%
2415KylarM58
0%
901KylenM256
0%
1284KylinM149
0%
1479KymaniM122
0%
1339KymirM139
0%
1297KyndallF182
0%
1043KyngM210
0%
1770KyngstonM93
0%
1631KynsleeF129
0%
2384KyomiF77
0%
2226KyrahF84
0%
1803KyranM90
0%
1332KyrenM140
0%
1979KyrinM77
0%
1913KyronM81
0%
1718KyzenM98
0%
1294KyzerM147
0%
1632LaiaF129
0%
1817LaikynF112
0%
1310LailahF179
0%
1262LailaniF189
0%
1070LaithM203
0%
983LakelynF268
0%
968LakelynnF273
0%
1724LakynF120
0%
1032LandryF247
0%
1131LandryM185
0%
2427LandynF75
0%
800LandynM313
0%
2291LaniyahF81
0%
1915LathanM81
0%
2151LaviniaF88
0%
2216LavonM65
0%
1033LayanF247
0%
921LayneF292
0%
662LayneM410
0%
2227LayneeF84
0%
1604LaynieF131
0%
1596LazaroM110
0%
1313LazarusM143
0%
1559LeelandM113
0%
1857LegaciF109
0%
735LegacyM350
0%
484LegacyF650
0%
841LeifM288
0%
1233LeilahF194
0%
707LeilanyF415
0%
2167LeninM67
0%
1974LennynF99
0%
932LenoraF289
0%
2404LenoreF76
0%
1186LenoxM169
0%
1695LeopoldM100
0%
1846LeoraF110
0%
855LeroyM281
0%
1579LettyF134
0%
2355LeviathanM60
0%
1536LevonM116
0%
1009LeylaniF256
0%
1829LillithF111
0%
2063LillyanaF93
0%
2450LillyannaF74
0%
2034LilyannF95
0%
1454LilyannaF152
0%
1761LindenM94
0%
2152LindenF88
0%
1302LindseyF181
0%
1636LinkinM105
0%
2341LinleyF79
0%
1569LinneaF135
0%
2249LioraF83
0%
2416LipaM58
0%
1903LitzyF105
0%
1542LiyanaF138
0%
1068LizbethF234
0%
1867LizethF108
0%
2417LlewynM58
0%
2118LluviaF90
0%
802LochlanM312
0%
2384LockeM59
0%
1365LokiM136
0%
1781LotusF115
0%
1740LouellaF119
0%
702LoyalM374
0%
1040LoyaltyF244
0%
503LuccaM593
0%
1489LuceroF146
0%
1218LuciusM161
0%
1319LyamM142
0%
1049LyannaF242
0%
1956LynleeF101
0%
2420MaceoM58
0%
1279MacklinM150
0%
2218MaddexM65
0%
2060MaddixM73
0%
1236MadduxM158
0%
2316MaddynF80
0%
2268MadinaF82
0%
2064MaelaniF93
0%
2119MaeleeF90
0%
1069MaelynnF234
0%
1953MahdiM79
0%
1531MahirM117
0%
2357MahmoudM60
0%
1803MahoganyF113
0%
2472MaiseyF73
0%
1134MaisonM184
0%
1358MaisynF170
0%
1317MaizieF178
0%
2175MaizyF87
0%
1092MajestyF227
0%
2277MajestyM63
0%
520MakaiM566
0%
1878MakaioM84
0%
1109MakariM192
0%
1897MakenaF106
0%
1585MakhiM111
0%
2364MakiyahF78
0%
1326MakoaM141
0%
1889MaksimM83
0%
2018MalachaiM75
0%
162MalachiM2273
0%
1141MalakhiM182
0%
1300MalakiM145
0%
710MalayaF413
0%
839MalayahF333
0%
1890MalcomM83
0%
992MaleahF264
0%
1524MalekM118
0%
2230MaleniF84
0%
1158MaliahF209
0%
2270MaliyaF82
0%
523MaliyahF592
0%
1106MalkaF224
0%
1703MalkyF122
0%
2470MamadouM56
0%
2317ManhaF80
0%
1318MapleF178
0%
2176MarbellaF87
0%
1719MarcelinoM98
0%
2061MarekM73
0%
1247MargauxF192
0%
2429MargueriteF75
0%
2019MariajoseF96
0%
1026MarianoM215
0%
1372MaribelF168
0%
1337MarielaF175
0%
2405MarielleF76
0%
1906MaritzaF105
0%
1620MariyahF130
0%
2330MarkelM61
0%
711MarleighF413
0%
1993MarlinM76
0%
781MarloweF363
0%
1340MarquisM139
0%
1678MarquiseM102
0%
1830MarwaF111
0%
1402MaryjaneF162
0%
2512MarynF71
0%
2219MasaiM65
0%
1660MasiahM103
0%
1637MassiahM105
0%
1532MauroM117
0%
1783MavenF115
0%
1661MaverikM103
0%
1561MavrickM113
0%
2019MavrikM75
0%
2062MaxonM73
0%
1900MaxxM82
0%
1937MayerM80
0%
1786MaykelM91
0%
1007MayleeF257
0%
1847MaylinF110
0%
2471MaynorM56
0%
1580MayraF134
0%
1267MaziM152
0%
1064MazieF237
0%
1057MazikeenF240
0%
1901MaziyonM82
0%
860MccoyM279
0%
1778MeccaM92
0%
1276MeeraF187
0%
952MeilaniF282
0%
992MeirM224
0%
950MekhiM238
0%
1992MelekF98
0%
2191MeliaF86
0%
442MemphisM699
0%
1024MemphisF250
0%
1103MenachemM193
0%
2220MendelM65
0%
2358MendyM60
0%
797MercyF353
0%
2318MeridaF80
0%
188MessiahM2006
0%
1827MeyerM88
0%
2430MiamorF75
0%
1087MicaelaF229
0%
1662MicaiahM103
0%
2447MiguelangelM57
0%
1115MikaelM190
0%
687MikaelaF424
0%
1333MikahM140
0%
1538MikelM116
0%
1842MikhailM87
0%
2020MikoM75
0%
1459MilagrosF151
0%
1365MilahF169
0%
234MilaniF1291
0%
1672MilaniaF125
0%
1747MileenaF118
0%
772MilenaF368
0%
2148MillionM68
0%
2066MinhaF93
0%
1385MireyaF165
0%
1213MirhaF198
0%
793MisaelM317
0%
2345MiyahF79
0%
2359MohamadM60
0%
1558MonserratF136
0%
1347MontserratF173
0%
2092MontyM71
0%
1707MordecaiM99
0%
1002MordechaiM222
0%
501MosheM602
0%
1918MuhammadaliM81
0%
2421MusabM58
0%
2038MyheirM74
0%
1816MykelM89
0%
440MylahF713
0%
1995MylanM76
0%
2209MyleeF85
0%
2448NabilM57
0%
2222NaeemM65
0%
1696NaelM100
0%
2063NaftaliM73
0%
1790NahlaF114
0%
2232NahomiF84
0%
1570NaiaF135
0%
1571NailaF135
0%
1533NailahF139
0%
2233NaileaF84
0%
2497NaiomiF72
0%
1079NairobiF232
0%
1720NakoaM98
0%
556NalaniF545
0%
1645NamariF128
0%
2305NamariM62
0%
1859NamiF109
0%
2449NamirM57
0%
1804NariahF113
0%
2035NariyahF95
0%
1673NataleeF125
0%
1008NatalyF257
0%
1957NatalyaF101
0%
2223NatanM65
0%
1539NatanaelM116
0%
1235NathalyF194
0%
1621NaveahF130
0%
2224NaveenM65
0%
337NayeliF951
0%
1292NaylaF183
0%
2088NaylaniF92
0%
2367NayomiF78
0%
1132NazirM185
0%
1551NechamaF137
0%
1996NehemiasM76
0%
2385NeizanM59
0%
947NeoM239
0%
993NeriahF264
0%
2360NessiahM60
0%
2021NestorM75
0%
1939NeymarM80
0%
1954NeythanM79
0%
1398NickolasM132
0%
2169NicolaiM67
0%
1588NicoletteF133
0%
2368NihiraF78
0%
1211NikkoM163
0%
969NiklausM232
0%
598NikolasM468
0%
1514NilaF142
0%
2386NilesM59
0%
2280NirvaanM63
0%
1791NirvanaF114
0%
2369NiyahF78
0%
1341NobleM139
0%
1572NoelaniF135
0%
1605NoeliaF131
0%
2094NolenM71
0%
934NoriF289
0%
1908NourF105
0%
2385NouraF77
0%
815NovaleeF343
0%
1192NovaleighF201
0%
2020NovalynnF96
0%
1805NuriF113
0%
1741NyahF119
0%
2064NyjahM73
0%
430NylahF731
0%
2432NylaniF75
0%
2331NyleM61
0%
969NyraF273
0%
1246OaklandM157
0%
1690OaklenM101
0%
1481ObadiahM122
0%
1891ObedM83
0%
2332OctavianM61
0%
1879OctaviusM84
0%
1329OdetteF176
0%
2271OfeliaF82
0%
1639OlinM105
0%
536OmariM552
0%
1919OrhanM81
0%
1831OrianaF111
0%
1738OrinM96
0%
1439OrsonM126
0%
1465OsielM123
0%
1762OsloM94
0%
972OsmanM231
0%
2170OsmarM67
0%
1572OsvaldoM112
0%
309OttoM1080
0%
2424OziahM58
0%
1135OziasM184
0%
1359OzielM137
0%
1482OzzieM122
0%
620OzzyM448
0%
1017PaisleighF253
0%
1162PaitynF207
0%
1087PalmerM199
0%
294PalmerF1071
0%
2155ParklynnF88
0%
1168PerlaF206
0%
689PersephoneF423
0%
1418PerseusM129
0%
1544PetraF138
0%
1287PharaohM148
0%
1455PiaF152
0%
2156PresleighF88
0%
2319PriscilaF80
0%
782PromiseF363
0%
1975PrudenceF99
0%
2022PsalmM75
0%
2370PyperF78
0%
1751QuadirM95
0%
1863QuestM85
0%
1334QuintinM140
0%
1955RadleyM79
0%
1944RaeleighF102
0%
2514RaeyaF71
0%
1257RaheemM155
0%
2515RahmaF71
0%
352RaidenM930
0%
2516RailynnF71
0%
2120RaineyF90
0%
1994RaizyF98
0%
2282RakanM63
0%
1663RamsesM103
0%
1491RamseyM121
0%
1587RansomM111
0%
1344RashadM139
0%
2450RashawnM57
0%
1967RayaanM78
0%
680RaydenM394
0%
707RaylanM371
0%
1288RayleighF184
0%
1788RaylenM91
0%
1256RaylynnF190
0%
2333RaymundoM61
0%
1248RayyanM156
0%
2066RazielM73
0%
1515ReemF142
0%
2121RemedyF90
0%
1386RenesmeeF165
0%
2320RenleeF80
0%
1353RenleyF172
0%
1353RenzoM138
0%
1597RevanM110
0%
1034ReyaF246
0%
1997ReyanM76
0%
1399ReyanshM132
0%
2426ReyesM58
0%
1612ReynaldoM108
0%
1930RhyanF103
0%
2195RhyderM66
0%
1705RhyleeF122
0%
1517RiaanM119
0%
2387RigginM59
0%
1864RigginsM85
0%
705RiggsM372
0%
1956RigobertoM79
0%
2250RihaanM64
0%
1920RikerM81
0%
1268RilynnF188
0%
1613RiotM108
0%
1387RippM133
0%
1999RishaanM76
0%
2501RivaanM55
0%
2122RiverlynF90
0%
1263RiverlynnF189
0%
799RivkaF351
0%
1623RivkyF130
0%
2472RiyaanM56
0%
1728RiyanM97
0%
1957RockwellM79
0%
1664RoderickM103
0%
985RodneyM227
0%
2226RoenM65
0%
1483RoganM122
0%
1016RogelioM217
0%
2308RomelloM62
0%
2283RonenM63
0%
421RoninM757
0%
1257RoriF190
0%
925RosalinaF291
0%
1436RosalindF156
0%
2022RosalindaF96
0%
1921RoscoeM81
0%
1793RosemarieF114
0%
1258RoslynF190
0%
1066RowdyM204
0%
2227RowynM65
0%
971RowynF273
0%
2070RoxanaF93
0%
1709RudraM99
0%
1598RugerM110
0%
2347RuhiF79
0%
2452RumiM57
0%
1910RumiF105
0%
2228RuneM65
0%
2106RyahF91
0%
935RyattM244
0%
1172RylenM174
0%
2348RylinF79
0%
1680RyloM102
0%
1243RylynnF193
0%
1976RynleeF99
0%
1614RyverM108
0%
978SaanviF270
0%
1646SafaF128
0%
1490SafiyaF146
0%
2336SafwanM61
0%
2117SahilM70
0%
1625SaidM107
0%
1642SaifM105
0%
1832SairaF111
0%
2473SakaiM56
0%
2040SalehM74
0%
2023SalmanM75
0%
1249SalomeF192
0%
1808SamadhiF113
0%
2309SamaelM62
0%
1995SamairaF98
0%
2408SamarahF76
0%
2254SamariaF83
0%
1982SamarthM77
0%
2388SameerM59
0%
1313SanaF179
0%
2055SanaaF94
0%
1829SanadM88
0%
1534SanaiF139
0%
2213SaniyaF85
0%
1306SaniyahF180
0%
1918SantanaF104
0%
690SantanaM385
0%
2069SantielM73
0%
874SantosM274
0%
1707SaphiraF122
0%
963SarahiF275
0%
2473SarayaF73
0%
902SariahF306
0%
2193SarinaF86
0%
730SariyahF397
0%
1564SavionM113
0%
2178ScotlynF87
0%
1626SebastienM107
0%
1647SedonaF128
0%
1200SekaniM166
0%
2389SelimM59
0%
1238SemajM158
0%
2071SennaF93
0%
2124SequoiaF90
0%
1366SerafinaF169
0%
1042SeraphinaF244
0%
591SevynF504
0%
842SevynM288
0%
2171ShaanM67
0%
1977ShaeF99
0%
2474ShaindyF73
0%
2474ShakurM56
0%
1817ShalomM89
0%
2284ShamarM63
0%
1635ShanayaF129
0%
1958ShauryaM79
0%
1772ShayaM93
0%
1892ShayanM83
0%
2350ShaynaF79
0%
914ShepardM251
0%
493ShepherdM612
0%
1498SherlynF145
0%
1899SheylaF106
0%
344ShilohF923
0%
488ShilohM620
0%
1154ShimonM178
0%
1604ShivanshM109
0%
2390ShlokM59
0%
1123ShlomoM187
0%
936ShmuelM244
0%
1460ShoshanaF151
0%
2255ShreyaF83
0%
2229ShulemM65
0%
2351SiannaF79
0%
2285SiddharthM63
0%
1849SidraF110
0%
1399SilviaF163
0%
2118SimchaM70
0%
2036SinaiF95
0%
1763SirM94
0%
1239SireM158
0%
2391SiriusM59
0%
1320SiyaF178
0%
2194SkaiF86
0%
1695SkylahF123
0%
2024SkyleeF96
0%
1485SkylynnF147
0%
1111SladeM191
0%
1098SolanaF226
0%
990SoleilF266
0%
2126StarrF90
0%
2172StephonM67
0%
2337StilesM61
0%
1536StoriF139
0%
1667StormyF126
0%
1919StoryF104
0%
1959StrattonM79
0%
2041StrykerM74
0%
1615SulaimanM108
0%
2427SuleimanM58
0%
1301SultanM145
0%
1789SummitM91
0%
2025SunniF96
0%
1659SunnieF127
0%
1559SuriF136
0%
1872SuryF108
0%
216SuttonF1364
0%
526SuttonM564
0%
1984SyaireM77
0%
1499SybilF145
0%
485SylasM623
0%
1941SylvanM80
0%
1367SymphonyF169
0%
1045SyncereM210
0%
2133SyreM69
0%
1493SyrusM121
0%
519TadeoM567
0%
2352TaelynF79
0%
1873TaelynnF108
0%
1866TahaM85
0%
1922TahirM81
0%
1345TahjM139
0%
1624TahliaF130
0%
2428TaimM58
0%
1329TajM141
0%
2024TakodaM75
0%
1545TalaF138
0%
1143TaliyahF212
0%
2236TarynF84
0%
2518TasneemF71
0%
1860TayaF109
0%
1302TaydenM145
0%
1409TaylenM130
0%
1739TaylinM96
0%
2237TaylinF84
0%
1773TaysomM93
0%
2311TaysonM62
0%
2519TeiganF71
0%
1685TemperanceF124
0%
2173TenzinM67
0%
2363TerenceM60
0%
1232TerrellM159
0%
1903TevinM82
0%
2127TheiaF90
0%
2096TheodenM71
0%
2197TheophilusM66
0%
1263ThorinM153
0%
1033TiagoM213
0%
2323TiaraF80
0%
2475TimberM56
0%
916TinsleyF297
0%
847TitanM286
0%
2324TovaF80
0%
1486TownesM122
0%
2256TreytonM64
0%
2312TreyvonM62
0%
437TrippM707
0%
1295TristenM147
0%
1356TristianM138
0%
2456TristinM57
0%
2476TristonM56
0%
745TruettM345
0%
2287TruittM63
0%
1469TrumanM123
0%
1357TruthM138
0%
2364TuffM60
0%
2257TyceM64
0%
2134TylenM69
0%
1682TymirM102
0%
1159TzviM177
0%
2393UlicesM59
0%
1980UniqueF99
0%
2150UnknownM68
0%
696UriahM379
0%
486UrielM622
0%
1790UrijahM91
0%
1729UsmanM97
0%
1495UzielM121
0%
1730UzziahM97
0%
2435VaaniF75
0%
1330VaedaF176
0%
1214ValenciaF198
0%
1450ValkyrieF153
0%
1765ValorM94
0%
1882VanderM84
0%
2296VanyaF81
0%
1144VaydaF212
0%
1455VedM124
0%
892VedaF311
0%
2230VedantM65
0%
1710ViaanM99
0%
972VidaF273
0%
2081ViggoM72
0%
1456VirajM124
0%
1867VitoM85
0%
1496VivaanM121
0%
730WatsonM354
0%
2477WaylanM56
0%
891WaylenM261
0%
2008WednesdayF97
0%
1740WendellM96
0%
923WessonM249
0%
1470WestenM123
0%
648WestinM424
0%
932WestynM245
0%
2158WilderF88
0%
373WilderM864
0%
1560WilhelminaF136
0%
1605WilmerM109
0%
1561WinryF136
0%
2180WinslowF87
0%
2314WittenM62
0%
1731WolfM97
0%
1419WolfgangM129
0%
1832WoodsM88
0%
712WrenleeF413
0%
1201WrenleighF200
0%
1446WrenlyF154
0%
863WylderM278
0%
1445WylieM125
0%
2135WynnM69
0%
2297WynnF81
0%
1818XaidenM89
0%
2257XareniF83
0%
2000XavianM76
0%
1985XavienM77
0%
1565XavionM113
0%
2231XaydenM65
0%
1833XionM88
0%
2026XitlaliF96
0%
1331XochitlF176
0%
1638XolaniF129
0%
979XylaF270
0%
1225XzavierM160
0%
1075YaakovM202
0%
1038YadielM212
0%
836YahirM291
0%
938YahyaM243
0%
2196YailinF86
0%
1379YairM135
0%
1388YakovM133
0%
1764YamiletF117
0%
867YamilethF318
0%
1920YanaF104
0%
1591YaneliF133
0%
672YareliF431
0%
1668YarelyF126
0%
489YaretziF641
0%
2520YaretzyF71
0%
2120YarielM70
0%
1130YaritzaF215
0%
1174YaseenM174
0%
2098YasielM71
0%
1631YasinM106
0%
1182YasirM172
0%
2072YasmeenF93
0%
2239YasminaF84
0%
2339YasserM61
0%
2325YatziriF80
0%
1683YazanM102
0%
1709YazminF122
0%
2136YechielM69
0%
2082YehoshuaM72
0%
773YehudaM325
0%
1834YehudisF111
0%
2476YeimyF73
0%
2365YeisonM60
0%
1505YelenaF144
0%
2099YerikM71
0%
1666YeshuaM103
0%
2001YisraelM76
0%
970YisroelM232
0%
2009YittyF97
0%
2366YitzchakM60
0%
1093YitzchokM197
0%
1400YoelM132
0%
2394YonatanM59
0%
1527YoselinF140
0%
2232YounisM65
0%
2233YousifM65
0%
1335YoussefM140
0%
1698YousufM100
0%
1506YulianaF144
0%
1107YunaF223
0%
1644YunusM105
0%
2137YusefM69
0%
1116YusraF220
0%
1791YuvaanM91
0%
2505YuvrajM55
0%
1067ZabdielM204
0%
1447ZadieF154
0%
2121ZaelM70
0%
1208ZaharaF199
0%
2259ZahidM64
0%
850ZahirM285
0%
659ZaidM413
0%
2389ZaidaF77
0%
487ZaidenM622
0%
1699ZaidynM100
0%
2410ZailaF76
0%
1253ZairaF191
0%
710ZakaiM370
0%
1143ZakariM182
0%
1819ZakariaM89
0%
1315ZakariyaM143
0%
2367ZakiM60
0%
2258ZalayahF83
0%
2298ZaliyahF81
0%
1446ZamariM125
0%
833ZamirM294
0%
1996ZamiraF98
0%
1785ZamoraF115
0%
812ZaniyahF344
0%
767ZariaF372
0%
477ZariahF660
0%
596ZariyahF499
0%
1667ZavianM103
0%
943ZavierM241
0%
2070ZavionM73
0%
2174ZaviyarM67
0%
1420ZaxtonM129
0%
1284ZayaF185
0%
1104ZayanM193
0%
2273ZaydaF82
0%
834ZaylaF335
0%
713ZayleeF409
0%
1298ZaylenM146
0%
2175ZaylinM67
0%
2144ZaynaF89
0%
1835ZaynabF111
0%
1361ZayvionM137
0%
1389ZealandM133
0%
989ZechariahM226
0%
2478ZekielM56
0%
1441ZellaF155
0%
1553ZephaniahM114
0%
1226ZeppelinM160
0%
1546ZeynepF138
0%
1751ZhaviaF118
0%
843ZhuriF331
0%
1315ZiaF179
0%
2176ZiaireM67
0%
2071ZianM73
0%
1195ZiggyM167
0%
1360ZinniaF170
0%
2411ZipporahF76
0%
1417ZivaF159
0%
1492ZiyaF146
0%
2274ZiyahF82
0%
2159ZofiaF88
0%
1846ZohanM87
0%
787ZoyaF358
0%
2436ZulemaF75
0%
2138ZurielM69
0%
1589ZyanM111
0%
2340ZyionM61
0%
2368ZyirM60
0%
1109ZylaF222
0%
1648ZylahF128
0%
1233ZymirM159
0%
871ZyonM275
0%
2437ZyraF75
0%

Score Distribution

Percentile by Number Answered

Percent of People with Each Score

Your Score History

You have not taken this quiz